<?xml version="1.0" encoding="UTF-8"?>
<record
    xmlns:xsi="http://www.w3.org/2001/XMLSchema-instance"
    xsi:schemaLocation="http://www.loc.gov/MARC21/slim http://www.loc.gov/standards/marcxml/schema/MARC21slim.xsd"
    xmlns="http://www.loc.gov/MARC21/slim">

  <leader>11044nam a22020897a 4500</leader>
  <controlfield tag="005">20211103135347.0</controlfield>
  <controlfield tag="008">150223b        mx||||| |||| 00| 0 spa d</controlfield>
  <datafield tag="020" ind1=" " ind2=" ">
    <subfield code="a">9684761503 V.1</subfield>
  </datafield>
  <datafield tag="020" ind1=" " ind2=" ">
    <subfield code="a">9684761279 V.2</subfield>
  </datafield>
  <datafield tag="020" ind1=" " ind2=" ">
    <subfield code="a">9684761287 V.3</subfield>
  </datafield>
  <datafield tag="020" ind1=" " ind2=" ">
    <subfield code="a">9684761295 V.4</subfield>
  </datafield>
  <datafield tag="020" ind1=" " ind2=" ">
    <subfield code="a">V.5 9684761309 V.5</subfield>
  </datafield>
  <datafield tag="020" ind1=" " ind2=" ">
    <subfield code="a">9684761317 V.6</subfield>
  </datafield>
  <datafield tag="020" ind1=" " ind2=" ">
    <subfield code="a">9684761341 V.7</subfield>
  </datafield>
  <datafield tag="020" ind1=" " ind2=" ">
    <subfield code="a">9684761368 V.8</subfield>
  </datafield>
  <datafield tag="020" ind1=" " ind2=" ">
    <subfield code="a">9684761511 V.9</subfield>
  </datafield>
  <datafield tag="020" ind1=" " ind2=" ">
    <subfield code="a">9684761457 V.10</subfield>
  </datafield>
  <datafield tag="020" ind1=" " ind2=" ">
    <subfield code="a">9684761465 V.11</subfield>
  </datafield>
  <datafield tag="020" ind1=" " ind2=" ">
    <subfield code="a">9684761376 V.12</subfield>
  </datafield>
  <datafield tag="020" ind1=" " ind2=" ">
    <subfield code="a">968476152 V.13</subfield>
  </datafield>
  <datafield tag="020" ind1=" " ind2=" ">
    <subfield code="a">9684761481 V.14</subfield>
  </datafield>
  <datafield tag="020" ind1=" " ind2=" ">
    <subfield code="a">9684761546 V.17</subfield>
  </datafield>
  <datafield tag="020" ind1=" " ind2=" ">
    <subfield code="a">9684760620 V.18</subfield>
  </datafield>
  <datafield tag="020" ind1=" " ind2=" ">
    <subfield code="a">9684761791 V.19</subfield>
  </datafield>
  <datafield tag="020" ind1=" " ind2=" ">
    <subfield code="a">9684761775 V.20</subfield>
  </datafield>
  <datafield tag="020" ind1=" " ind2=" ">
    <subfield code="a">9684761805 V.21</subfield>
  </datafield>
  <datafield tag="020" ind1=" " ind2=" ">
    <subfield code="a">9684761848 V.22</subfield>
  </datafield>
  <datafield tag="020" ind1=" " ind2=" ">
    <subfield code="a">9684761856 V.23</subfield>
  </datafield>
  <datafield tag="020" ind1=" " ind2=" ">
    <subfield code="a">9684761902 V.24</subfield>
  </datafield>
  <datafield tag="020" ind1=" " ind2=" ">
    <subfield code="a">9684761864 V.25</subfield>
  </datafield>
  <datafield tag="020" ind1=" " ind2=" ">
    <subfield code="a">9684761872 V.26</subfield>
  </datafield>
  <datafield tag="020" ind1=" " ind2=" ">
    <subfield code="a">9684762240 V.27</subfield>
  </datafield>
  <datafield tag="020" ind1=" " ind2=" ">
    <subfield code="a">9684761880 V.28</subfield>
  </datafield>
  <datafield tag="020" ind1=" " ind2=" ">
    <subfield code="a">9684761899 V.29</subfield>
  </datafield>
  <datafield tag="020" ind1=" " ind2=" ">
    <subfield code="a">9684761953 V.30</subfield>
  </datafield>
  <datafield tag="020" ind1=" " ind2=" ">
    <subfield code="a">9684761961 V.31</subfield>
  </datafield>
  <datafield tag="020" ind1=" " ind2=" ">
    <subfield code="a">968476197 V.32</subfield>
  </datafield>
  <datafield tag="020" ind1=" " ind2=" ">
    <subfield code="a">9684761988 V.33</subfield>
  </datafield>
  <datafield tag="020" ind1=" " ind2=" ">
    <subfield code="a">9684762259 V.34</subfield>
  </datafield>
  <datafield tag="020" ind1=" " ind2=" ">
    <subfield code="a">9684762437 V.35</subfield>
  </datafield>
  <datafield tag="020" ind1=" " ind2=" ">
    <subfield code="a">9704762267 V.36</subfield>
  </datafield>
  <datafield tag="020" ind1=" " ind2=" ">
    <subfield code="a">9704762275 V.37</subfield>
  </datafield>
  <datafield tag="020" ind1=" " ind2=" ">
    <subfield code="a">9684762771 V.39</subfield>
  </datafield>
  <datafield tag="020" ind1=" " ind2=" ">
    <subfield code="a">9684762429 V.40</subfield>
  </datafield>
  <datafield tag="020" ind1=" " ind2=" ">
    <subfield code="a">9684762291 V.42</subfield>
  </datafield>
  <datafield tag="020" ind1=" " ind2=" ">
    <subfield code="a">9684762305 V.43</subfield>
  </datafield>
  <datafield tag="020" ind1=" " ind2=" ">
    <subfield code="a">968476231 V.45</subfield>
  </datafield>
  <datafield tag="020" ind1=" " ind2=" ">
    <subfield code="a">9684762526 V.47</subfield>
  </datafield>
  <datafield tag="020" ind1=" " ind2=" ">
    <subfield code="a">9684762445 V.48</subfield>
  </datafield>
  <datafield tag="020" ind1=" " ind2=" ">
    <subfield code="a">9684762569 V.49</subfield>
  </datafield>
  <datafield tag="020" ind1=" " ind2=" ">
    <subfield code="a">9684762593 V.50</subfield>
  </datafield>
  <datafield tag="020" ind1=" " ind2=" ">
    <subfield code="a">9684762607 V.51</subfield>
  </datafield>
  <datafield tag="020" ind1=" " ind2=" ">
    <subfield code="a">9684762747 V.52</subfield>
  </datafield>
  <datafield tag="020" ind1=" " ind2=" ">
    <subfield code="a">9684762917 V.54</subfield>
  </datafield>
  <datafield tag="020" ind1=" " ind2=" ">
    <subfield code="a">9684761139 V.55</subfield>
  </datafield>
  <datafield tag="020" ind1=" " ind2=" ">
    <subfield code="a">9684762739 V.57</subfield>
  </datafield>
  <datafield tag="020" ind1=" " ind2=" ">
    <subfield code="a">9684763212 V.58</subfield>
  </datafield>
  <datafield tag="020" ind1=" " ind2=" ">
    <subfield code="a">9684762860 V.59</subfield>
  </datafield>
  <datafield tag="020" ind1=" " ind2=" ">
    <subfield code="a">968476278 V.60</subfield>
  </datafield>
  <datafield tag="020" ind1=" " ind2=" ">
    <subfield code="a">9684762844 V.61</subfield>
  </datafield>
  <datafield tag="020" ind1=" " ind2=" ">
    <subfield code="a">9684762992 V.63</subfield>
  </datafield>
  <datafield tag="020" ind1=" " ind2=" ">
    <subfield code="a">9684762895 V.64</subfield>
  </datafield>
  <datafield tag="020" ind1=" " ind2=" ">
    <subfield code="a">9684760728 V.65</subfield>
  </datafield>
  <datafield tag="020" ind1=" " ind2=" ">
    <subfield code="a">9684763433 V.67</subfield>
  </datafield>
  <datafield tag="020" ind1=" " ind2=" ">
    <subfield code="a">968476300 V.69</subfield>
  </datafield>
  <datafield tag="020" ind1=" " ind2=" ">
    <subfield code="a">9684763107 V.70</subfield>
  </datafield>
  <datafield tag="020" ind1=" " ind2=" ">
    <subfield code="a">9684763697 V.73</subfield>
  </datafield>
  <datafield tag="020" ind1=" " ind2=" ">
    <subfield code="a">9684763328 V.74</subfield>
  </datafield>
  <datafield tag="020" ind1=" " ind2=" ">
    <subfield code="a">9684763255 V.75</subfield>
  </datafield>
  <datafield tag="020" ind1=" " ind2=" ">
    <subfield code="a">9684763484 V.83</subfield>
  </datafield>
  <datafield tag="020" ind1=" " ind2=" ">
    <subfield code="a">9684764251 V.91</subfield>
  </datafield>
  <datafield tag="050" ind1="0" ind2="4">
    <subfield code="a">K230</subfield>
    <subfield code="b">B53 1992</subfield>
  </datafield>
  <datafield tag="245" ind1="0" ind2="0">
    <subfield code="a">Biblioteca de &#xE9;tica, filosof&#xED;a del derecho y pol&#xED;tica </subfield>
  </datafield>
  <datafield tag="250" ind1="1" ind2="0">
    <subfield code="a">1a ed.</subfield>
  </datafield>
  <datafield tag="260" ind1=" " ind2=" ">
    <subfield code="a">M&#xE9;xico :</subfield>
    <subfield code="b">Distribuciones Fontamara,</subfield>
    <subfield code="c">1992</subfield>
  </datafield>
  <datafield tag="300" ind1=" " ind2=" ">
    <subfield code="a">v ;</subfield>
    <subfield code="c">21 cm.</subfield>
  </datafield>
  <datafield tag="490" ind1="0" ind2=" ">
    <subfield code="a">Biblioteca de &#xE9;tica, filosof&#xED;a del derecho y pol&#xED;tica</subfield>
  </datafield>
  <datafield tag="505" ind1="1" ind2="0">
    <subfield code="t">V.1  Problemas de la filosof&#xED;a y de la pragm&#xE1;tica del derecho</subfield>
    <subfield code="t">V.2 Conceptos jur&#xED;dicos fundamentales</subfield>
    <subfield code="t">V.3  Lenguaje  jur&#xED;dico y realidad</subfield>
    <subfield code="t">V.4 Derecho e incertidumbre</subfield>
    <subfield code="t">V.5 El derecho y las teor&#xED;as &#xE9;ticas contempor&#xE1;neas</subfield>
    <subfield code="t">V.6  Derecho, l&#xF3;gica, Matem&#xE1;tica</subfield>
    <subfield code="t">V.7 El concepto de validez y otros ensayos</subfield>
    <subfield code="t">V.8  Contribuciones a la teor&#xED;a pura del derecho</subfield>
    <subfield code="t">V.9  &#xBF;Derecho sin reglas? : Los principios filos&#xF3;ficos de la teor&#xED;a del estado y del derecho de Carl Schmitt</subfield>
    <subfield code="t">V.10  &#xBF;Qu&#xE9; es la justicia?</subfield>
    <subfield code="t">V.11  &#xBF;Qu&#xE9; es la teor&#xED;a pura del derecho?</subfield>
    <subfield code="t">V.12  El problema del positivismo jur&#xED;dico</subfield>
    <subfield code="t">V.13  Las instituciones morales : Las teor&#xED;as empiristas de su evoluci&#xF3;n</subfield>
    <subfield code="t">V.14  Sociolog&#xED;a y jurisprudencia</subfield>
    <subfield code="t">V.17  Moral y derecho : pol&#xE9;mica con Uppsala</subfield>
    <subfield code="t">V.18 Derecho y filosof&#xED;a</subfield>
    <subfield code="t">V.19  Estudios sobre teor&#xED;a del derecho y la justicia</subfield>
    <subfield code="t">V.20  El concepto sociol&#xF3;gico  del derecho : y otros ensayos</subfield>
    <subfield code="t">V.21 El concepto de estabilidad de los sistemas pol&#xED;ticos</subfield>
    <subfield code="t">V.22  L&#xF3;gica de las normas y l&#xF3;gica de&#xF3;ntica  : posibilidad y relaciones</subfield>
    <subfield code="t">V.23  Marxismo y filosof&#xED;a del derecho</subfield>
    <subfield code="t">V.24 Racionalidad y eficiencia del derecho</subfield>
    <subfield code="t">V.25  Algunos modelos metodologicos de "ciencia" jur&#xED;dica</subfield>
    <subfield code="t">V.26  Entre el derecho y la moral </subfield>
    <subfield code="t">V.27 Estudios sobre Kelsen</subfield>
    <subfield code="t">V.28  L&#xF3;gica y derecho</subfield>
    <subfield code="t">V.29 El concepto de solidaridad</subfield>
    <subfield code="t">V.30  Derecho y raz&#xF3;n practica</subfield>
    <subfield code="t">V.31  Positivismo jur&#xED;dico, realismo sociol&#xF3;gico y iusnaturalismo</subfield>
    <subfield code="t">V.32 &#xC9;tica contra pol&#xED;tica</subfield>
    <subfield code="t">V.33 El concepto de influencia y otros ensayos</subfield>
    <subfield code="t">V.34 Pol&#xED;tica, historia y derecho en Norberto Bobbio</subfield>
    <subfield code="t">V.35  Racionalidad jur&#xED;dica, moral y pol&#xED;tica</subfield>
    <subfield code="t">V.36 Normas y actitudes normativas</subfield>
    <subfield code="t">V.37 Inform&#xE1;tica y decisi&#xF3;n jur&#xED;dica</subfield>
    <subfield code="t">V.39 Sobre la existencia de las normas jur&#xED;dicas </subfield>
    <subfield code="t">V.40 Derecho, racionalidad y comunicaci&#xF3;n social : ensayos sobre filosof&#xED;a del dertecho</subfield>
    <subfield code="t">V.42 La noci&#xF3;n de sistema en la teor&#xED;a del derecho</subfield>
    <subfield code="t">V.43 Filosof&#xED;a pol&#xED;tica de la democracia</subfield>
    <subfield code="t">V.45 Positivismo jur&#xED;dico, democracia y derechos humanos</subfield>
    <subfield code="t">V.46 Ensayos de inform&#xE1;tica jur&#xED;dica</subfield>
    <subfield code="t">V.47 Raz&#xF3;n y socciedad</subfield>
    <subfield code="t">V.48 Estudios de &#xE9;tica jur&#xED;dica</subfield>
    <subfield code="t">V.49 Normas jur&#xED;dicas y estructura del derecho</subfield>
    <subfield code="t">V.50 Utilitarismo, liberalismo y democracia</subfield>
    <subfield code="t">V.51 Ensayos sobre justicia distributiva</subfield>
    <subfield code="t">V.52 El significado pol&#xED;tico del derecho</subfield>
    <subfield code="t">V.53 Crisis de la representaci&#xF3;n pol&#xED;tica</subfield>
    <subfield code="t">V.54 Las limitaciones del soberano</subfield>
    <subfield code="t">V.55 Positivismo cr&#xED;tico y derecho moderno</subfield>
    <subfield code="t">V.57 Deber y saber</subfield>
    <subfield code="t">V.58 Ensayos sobre liberalismo y comunitarismo</subfield>
    <subfield code="t">V.59 Libertad de expresi&#xF3;n y estructura social</subfield>
    <subfield code="t">V.60  Constitucionalismo y positivismo</subfield>
    <subfield code="t">V.61 Normas, verdad y l&#xF3;gica</subfield>
    <subfield code="t">V.63 Derecho y orden : cuatro ensayos para el an&#xE1;lisis realista de los fen&#xF3;menos jur&#xED;dicos</subfield>
    <subfield code="t">V.64 Raz&#xF3;n y elecci&#xF3;n</subfield>
    <subfield code="t">V.65 Cuestiones fundamentales de la teor&#xED;a pura del derecho</subfield>
    <subfield code="t">V.67 &#xC9;tica anal&#xED;tica y derecho</subfield>
    <subfield code="t">V.69 Estado de derecho</subfield>
    <subfield code="t">V.70 Derechos humanos : historia y filosof&#xED;a</subfield>
    <subfield code="t">V.73  Razonamiento judicial y reglas</subfield>
    <subfield code="t">V.74 Derecho y raz&#xF3;n</subfield>
    <subfield code="t">V.77 Estudios &#xE9;ticos</subfield>
    <subfield code="t">V.83 &#xC9;tica, poder y derecho : reflexiones ante el fin de siglo</subfield>
    <subfield code="t">V.91  Cuestiones judiciales</subfield>
    <subfield code="r">/ Ulrich Klug.</subfield>
    <subfield code="r">/ W.N. Hohfeld.</subfield>
    <subfield code="r">/ Karl Olivecrona.</subfield>
    <subfield code="r">/ Jerome Frank.</subfield>
    <subfield code="r">/ George Nakhnikian.</subfield>
    <subfield code="r">/ Herbert Fiedler.</subfield>
    <subfield code="r">/ Herbert Fiedler.</subfield>
    <subfield code="r">/ Alf Ross.</subfield>
    <subfield code="r">/ Hans Kelsen.</subfield>
    <subfield code="r">/ Matthias Kaufmann.</subfield>
    <subfield code="r">/ Hans Kelsen.</subfield>
    <subfield code="r">/ Norberto Bobbio.</subfield>
    <subfield code="r">/ Hartmut Kliemt.</subfield>
    <subfield code="r">/ R&#xFC;diger Lautmann.</subfield>
    <subfield code="r">/ Theodor Geiger.</subfield>
    <subfield code="r">Ernesto Garz&#xF3;n Vald&#xE9;s (compilador)</subfield>
    <subfield code="r">/ Otfried H&#xF6;ffe.</subfield>
    <subfield code="r">/ Werner Krawietz.</subfield>
    <subfield code="r">/ Ernesto Garz&#xF3;n Valdes</subfield>
    <subfield code="r">/ Georges Kalinowski.</subfield>
    <subfield code="r">/ Manuel Atienza y Juan Ruiz Manero.</subfield>
    <subfield code="r">/ Albert Calsamiglia.</subfield>
    <subfield code="r">/ Carlos S. Nino.</subfield>
    <subfield code="r">/ Francisco Laporta.</subfield>
    <subfield code="r">/ Letizia Gianformaggio.</subfield>
    <subfield code="r">/ Ulises Schmill Ordo&#xF1;ez.</subfield>
    <subfield code="r">Javier de Lucas.</subfield>
    <subfield code="r">/ Robert Alexy.</subfield>
    <subfield code="r">/ Eduardo Garc&#xED;a M&#xE1;ynez.</subfield>
    <subfield code="r">/ D&#xED;az, Elias.</subfield>
    <subfield code="r">/ Ruth Zimmerling.</subfield>
    <subfield code="r">/ Alfonso Ruiz Miguel.</subfield>
    <subfield code="r">/ Javier Esquivel.</subfield>
    <subfield code="r">/ Pablo Navarro y Cristina Redondo.</subfield>
    <subfield code="r">/ Julia Barrag&#xE1;n</subfield>
    <subfield code="r">/ CarlosAlchourr&#xF3;n, Eugenio Bulygin.</subfield>
    <subfield code="r">/ Aulis Aarnio.</subfield>
    <subfield code="r">/ Ricardo Caracciolo.</subfield>
    <subfield code="r">/ Jos&#xE9; Fern&#xE1;ndez Santill&#xE1;n.</subfield>
    <subfield code="r">/ Agust&#xED;n Squella.</subfield>
    <subfield code="r">/ Antonio Enrique P&#xE9;rez Lu&#xF1;o.</subfield>
    <subfield code="r">/ Le&#xF3;n Oliv&#xE9;.</subfield>
    <subfield code="r">/ Jorge Malem.</subfield>
    <subfield code="r">/ Jos&#xE9; Juan Moreso.</subfield>
    <subfield code="r">/ Mart&#xED;n Diego Farrell.</subfield>
    <subfield code="r">/ Paulette Dieterlen.</subfield>
    <subfield code="r">/ Josep M. Vilajosana.</subfield>
    <subfield code="r">/ Roberto Gargarella.</subfield>
    <subfield code="r">/ Ernesto Abril.</subfield>
    <subfield code="r">/ Kaarlo Tuori.</subfield>
    <subfield code="r">/ Guibourg, Ricardo.</subfield>
    <subfield code="r">/ Rivera L&#xF3;pez, Eduardo.</subfield>
    <subfield code="r">/ Owen Fiss</subfield>
    <subfield code="r">/ Luis Prieto Sanch&#xED;s.</subfield>
    <subfield code="r">/ Georg Henrik von Wright.</subfield>
    <subfield code="r">/ Mart&#xED;n D&#xED;az y D&#xED;az.</subfield>
    <subfield code="r">/ Hugo Zuleta.</subfield>
    <subfield code="r">/ Dante Cracogna.</subfield>
    <subfield code="r">/ Fernando Salmer&#xF3;n.</subfield>
    <subfield code="r">/ Liborio Hierro.</subfield>
    <subfield code="r">/ Mauricio Beuchot.</subfield>
    <subfield code="r">/ Pablo Larra&#xF1;aga.</subfield>
    <subfield code="r">/ Aleksander Peczenik.</subfield>
    <subfield code="r">/ Karl Otto Apel.</subfield>
    <subfield code="r">/ Gregorio Peces-Barba.</subfield>
    <subfield code="r">/ &#xC1;ngeles R&#xF3;denas.</subfield>
    <subfield code="r">/ Manuel Atienza.</subfield>
  </datafield>
  <datafield tag="650" ind1=" " ind2="7">
    <subfield code="2">lemb</subfield>
    <subfield code="a">Filosof&#xED;a del derecho</subfield>
  </datafield>
  <datafield tag="650" ind1=" " ind2="4">
    <subfield code="2">lemb</subfield>
    <subfield code="a">Conceptos jur&#xED;dicos</subfield>
  </datafield>
  <datafield tag="650" ind1=" " ind2="7">
    <subfield code="2">lemb</subfield>
    <subfield code="a">Lenguaje jur&#xED;dico</subfield>
  </datafield>
  <datafield tag="650" ind1=" " ind2="7">
    <subfield code="2">lemb</subfield>
    <subfield code="a">Teor&#xED;a del derecho</subfield>
  </datafield>
  <datafield tag="650" ind1=" " ind2="7">
    <subfield code="2">lemb</subfield>
    <subfield code="a">Justicia</subfield>
  </datafield>
  <datafield tag="650" ind1=" " ind2="7">
    <subfield code="2">Lemb</subfield>
    <subfield code="a">Positivismo jur&#xED;dico</subfield>
  </datafield>
  <datafield tag="650" ind1=" " ind2="7">
    <subfield code="2">lemb</subfield>
    <subfield code="a">Derecho y etica</subfield>
  </datafield>
  <datafield tag="650" ind1=" " ind2="7">
    <subfield code="2">Lemb</subfield>
    <subfield code="a">Justicia</subfield>
  </datafield>
  <datafield tag="650" ind1=" " ind2="7">
    <subfield code="2">lemb</subfield>
    <subfield code="a">Derecho y sociedad</subfield>
  </datafield>
  <datafield tag="650" ind1=" " ind2="7">
    <subfield code="2">lemb</subfield>
    <subfield code="a">L&#xF3;gica</subfield>
  </datafield>
  <datafield tag="650" ind1=" " ind2="7">
    <subfield code="2">lemb</subfield>
    <subfield code="a">L&#xF3;gica deontica</subfield>
  </datafield>
  <datafield tag="650" ind1=" " ind2="7">
    <subfield code="2">lemb</subfield>
    <subfield code="a">Marxismo</subfield>
  </datafield>
  <datafield tag="650" ind1=" " ind2="4">
    <subfield code="a">Derecho</subfield>
    <subfield code="x">Ciencia</subfield>
  </datafield>
  <datafield tag="650" ind1=" " ind2="7">
    <subfield code="2">lemb</subfield>
    <subfield code="a">Derecho</subfield>
    <subfield code="x">L&#xF3;gica</subfield>
  </datafield>
  <datafield tag="650" ind1=" " ind2="7">
    <subfield code="2">lemb</subfield>
    <subfield code="a">Realismo</subfield>
  </datafield>
  <datafield tag="650" ind1=" " ind2="4">
    <subfield code="a">Iusnaturalismo</subfield>
  </datafield>
  <datafield tag="650" ind1=" " ind2="7">
    <subfield code="2">lemb</subfield>
    <subfield code="a">Jueces</subfield>
  </datafield>
  <datafield tag="650" ind1=" " ind2="7">
    <subfield code="2">lemb</subfield>
    <subfield code="a">Sociolog&#xED;a</subfield>
  </datafield>
  <datafield tag="650" ind1=" " ind2="7">
    <subfield code="2">lemb</subfield>
    <subfield code="a">L&#xF3;gica</subfield>
    <subfield code="x">Matem&#xE1;ticas</subfield>
  </datafield>
  <datafield tag="700" ind1="1" ind2=" ">
    <subfield code="a">Klug, Ulrich,</subfield>
    <subfield code="e">autor</subfield>
  </datafield>
  <datafield tag="700" ind1="1" ind2=" ">
    <subfield code="a">Hohfeld, W.N.</subfield>
    <subfield code="e">autor</subfield>
  </datafield>
  <datafield tag="700" ind1="1" ind2=" ">
    <subfield code="a">Olivecrona, Karl,</subfield>
    <subfield code="e">autor</subfield>
  </datafield>
  <datafield tag="700" ind1="1" ind2=" ">
    <subfield code="a">Frank, Jerome,</subfield>
    <subfield code="e">autor</subfield>
  </datafield>
  <datafield tag="700" ind1="1" ind2=" ">
    <subfield code="a">Naknikian, George,</subfield>
    <subfield code="e">autor</subfield>
  </datafield>
  <datafield tag="700" ind1="1" ind2=" ">
    <subfield code="a">Garz&#xF3;n Vald&#xE9;s, Ernesto,</subfield>
    <subfield code="e">revisi&#xF3;n</subfield>
  </datafield>
  <datafield tag="700" ind1="1" ind2=" ">
    <subfield code="a">V&#xE1;zquez, Rodolfo, </subfield>
    <subfield code="e">dir.</subfield>
  </datafield>
  <datafield tag="700" ind1="1" ind2=" ">
    <subfield code="a">Se&#xF1;a, Jorge M.,</subfield>
    <subfield code="e">traductor</subfield>
  </datafield>
  <datafield tag="700" ind1="1" ind2=" ">
    <subfield code="a">Garz&#xF3;n Vald&#xE9;s, Ernesto,</subfield>
    <subfield code="e">rev.</subfield>
  </datafield>
  <datafield tag="700" ind1="1" ind2=" ">
    <subfield code="a">Hohfeld, W.N., </subfield>
    <subfield code="e">autor</subfield>
  </datafield>
  <datafield tag="700" ind1="1" ind2=" ">
    <subfield code="a">Olivera, Karl., </subfield>
    <subfield code="e">autor</subfield>
  </datafield>
  <datafield tag="700" ind1="1" ind2=" ">
    <subfield code="a">Fiedler, Herbert, </subfield>
    <subfield code="e">autor</subfield>
  </datafield>
  <datafield tag="700" ind1="1" ind2=" ">
    <subfield code="a">Ross, Alf,</subfield>
    <subfield code="e">autor</subfield>
  </datafield>
  <datafield tag="700" ind1="1" ind2=" ">
    <subfield code="a">Kelsen, Hans,</subfield>
    <subfield code="e">autor</subfield>
  </datafield>
  <datafield tag="700" ind1="1" ind2=" ">
    <subfield code="a">Kaufmann, Matthias, </subfield>
    <subfield code="e">autor</subfield>
  </datafield>
  <datafield tag="700" ind1="1" ind2=" ">
    <subfield code="a">Bobbio, Norberto,</subfield>
    <subfield code="e">autor</subfield>
  </datafield>
  <datafield tag="700" ind1="1" ind2=" ">
    <subfield code="a">Kliemt, Hartmut,</subfield>
    <subfield code="e">autor</subfield>
  </datafield>
  <datafield tag="700" ind1="1" ind2=" ">
    <subfield code="a">Lautmann, R&#xFC;diger, </subfield>
    <subfield code="e">autor</subfield>
  </datafield>
  <datafield tag="700" ind1="1" ind2=" ">
    <subfield code="a">Geiger, Theodor, </subfield>
    <subfield code="e">autor</subfield>
  </datafield>
  <datafield tag="700" ind1="1" ind2=" ">
    <subfield code="a">Garz&#xF3;n Vald&#xE9;s, Ernesto,</subfield>
    <subfield code="e">compilador</subfield>
  </datafield>
  <datafield tag="700" ind1="1" ind2=" ">
    <subfield code="a">H&#xF6;ffe, Otfried, </subfield>
    <subfield code="e">autor</subfield>
  </datafield>
  <datafield tag="700" ind1="1" ind2=" ">
    <subfield code="a">Krawietz, Werner, </subfield>
    <subfield code="e">autor</subfield>
  </datafield>
  <datafield tag="700" ind1="1" ind2=" ">
    <subfield code="a">Kalinowski, Georges, </subfield>
    <subfield code="e">autor</subfield>
  </datafield>
  <datafield tag="700" ind1="1" ind2=" ">
    <subfield code="a">Atienza, Manuel, </subfield>
    <subfield code="e">autor</subfield>
  </datafield>
  <datafield tag="700" ind1="1" ind2=" ">
    <subfield code="a">Ru&#xED;z Manero, Juan, </subfield>
    <subfield code="e">autor</subfield>
  </datafield>
  <datafield tag="700" ind1="1" ind2=" ">
    <subfield code="a">Calsamiglia, Albert,</subfield>
    <subfield code="e">autor</subfield>
  </datafield>
  <datafield tag="700" ind1="1" ind2=" ">
    <subfield code="a">Nino, Carlos S., </subfield>
    <subfield code="e">autor</subfield>
  </datafield>
  <datafield tag="700" ind1="1" ind2=" ">
    <subfield code="a">Laporta, Francisco, </subfield>
    <subfield code="e">autor</subfield>
  </datafield>
  <datafield tag="700" ind1="1" ind2=" ">
    <subfield code="a">Gianformaggio, Letizia,</subfield>
    <subfield code="e">autor</subfield>
  </datafield>
  <datafield tag="700" ind1="1" ind2=" ">
    <subfield code="a">Schmill Ordo&#xF1;ez, Ulises, </subfield>
    <subfield code="e">coautor</subfield>
  </datafield>
  <datafield tag="700" ind1="1" ind2=" ">
    <subfield code="a">Lucas, Javier de,</subfield>
    <subfield code="e">autor</subfield>
  </datafield>
  <datafield tag="700" ind1="1" ind2=" ">
    <subfield code="a">Alexy, Robert, </subfield>
    <subfield code="e">autor</subfield>
  </datafield>
  <datafield tag="700" ind1="1" ind2=" ">
    <subfield code="a">Garc&#xED;a M&#xE1;ynez, Eduardo, </subfield>
    <subfield code="e">autor.</subfield>
  </datafield>
  <datafield tag="700" ind1="1" ind2=" ">
    <subfield code="a">D&#xED;az, Elias,</subfield>
    <subfield code="e">autor</subfield>
  </datafield>
  <datafield tag="700" ind1="1" ind2=" ">
    <subfield code="a">Zimmerling, Ruth,</subfield>
    <subfield code="e">autor</subfield>
  </datafield>
  <datafield tag="700" ind1="1" ind2=" ">
    <subfield code="a">Ruiz Miguel, Alfonso,</subfield>
    <subfield code="e">autor</subfield>
  </datafield>
  <datafield tag="700" ind1="1" ind2=" ">
    <subfield code="a">Prieto Sanch&#xED;s, Luis,</subfield>
    <subfield code="e">autor</subfield>
  </datafield>
  <datafield tag="700" ind1="1" ind2=" ">
    <subfield code="a">Wright, Georg Henrik von,</subfield>
    <subfield code="e">autor</subfield>
  </datafield>
  <datafield tag="700" ind1="1" ind2=" ">
    <subfield code="a">Navarro, Pablo, </subfield>
    <subfield code="e">autor</subfield>
  </datafield>
  <datafield tag="700" ind1="1" ind2=" ">
    <subfield code="a">Redondo Cristina,</subfield>
    <subfield code="e">autor</subfield>
  </datafield>
  <datafield tag="700" ind1="1" ind2=" ">
    <subfield code="a">Barrag&#xE1;n, Julia,</subfield>
    <subfield code="e">autor</subfield>
  </datafield>
  <datafield tag="700" ind1="1" ind2=" ">
    <subfield code="a">Alchourr&#xF3;n, Carlos,</subfield>
    <subfield code="e">autor</subfield>
  </datafield>
  <datafield tag="700" ind1="1" ind2=" ">
    <subfield code="a">Bulygin, Eugenio,</subfield>
    <subfield code="e">autor</subfield>
  </datafield>
  <datafield tag="700" ind1="1" ind2=" ">
    <subfield code="a">Aarnio, Aulis,</subfield>
    <subfield code="e">autor</subfield>
  </datafield>
  <datafield tag="700" ind1="1" ind2=" ">
    <subfield code="a">Caracciolo, Ricardo,</subfield>
    <subfield code="e">autor</subfield>
  </datafield>
  <datafield tag="700" ind1="1" ind2=" ">
    <subfield code="a">Fern&#xE1;ndez Santil&#xE1;n, Jos&#xE9;,</subfield>
    <subfield code="e">autor</subfield>
  </datafield>
  <datafield tag="700" ind1="1" ind2=" ">
    <subfield code="a">R&#xF3;denas, &#xC1;ngeles, </subfield>
    <subfield code="e">autor</subfield>
  </datafield>
  <datafield tag="700" ind1="1" ind2=" ">
    <subfield code="a">Aarnio, Aulis,</subfield>
    <subfield code="e">autor</subfield>
  </datafield>
  <datafield tag="700" ind1="1" ind2=" ">
    <subfield code="a">Caracciolo, Ricardo,</subfield>
    <subfield code="e">autor</subfield>
  </datafield>
  <datafield tag="700" ind1="1" ind2=" ">
    <subfield code="a">Fern&#xE1;ndez santill&#xE1;n, Jos&#xE9;,</subfield>
    <subfield code="e">autor</subfield>
  </datafield>
  <datafield tag="700" ind1="1" ind2=" ">
    <subfield code="a">Squella, Agust&#xED;n,</subfield>
    <subfield code="e">autor</subfield>
  </datafield>
  <datafield tag="700" ind1="1" ind2=" ">
    <subfield code="a">P&#xE9;rez Lu&#xF1;o, Antonio-Enrique,</subfield>
    <subfield code="e">autor</subfield>
  </datafield>
  <datafield tag="700" ind1="1" ind2=" ">
    <subfield code="a">Oliv&#xE9;, Le&#xF3;n,</subfield>
    <subfield code="e">autor</subfield>
  </datafield>
  <datafield tag="700" ind1="1" ind2=" ">
    <subfield code="a">Malem, Jorge,</subfield>
    <subfield code="e">autor</subfield>
  </datafield>
  <datafield tag="700" ind1="1" ind2=" ">
    <subfield code="a">Moreso, Jos&#xE9; Juan,</subfield>
    <subfield code="e">autor</subfield>
  </datafield>
  <datafield tag="700" ind1="1" ind2=" ">
    <subfield code="a">Diego Farrell, Mart&#xED;n,</subfield>
    <subfield code="e">autor</subfield>
  </datafield>
  <datafield tag="700" ind1="1" ind2=" ">
    <subfield code="a">Dieterlen, Paulette,</subfield>
    <subfield code="e">autor</subfield>
  </datafield>
  <datafield tag="700" ind1="1" ind2=" ">
    <subfield code="a">Vilajosana, Josep M.,</subfield>
    <subfield code="e">autor</subfield>
  </datafield>
  <datafield tag="700" ind1="1" ind2=" ">
    <subfield code="a">Gargarella, Roberto,</subfield>
    <subfield code="e">autor</subfield>
  </datafield>
  <datafield tag="700" ind1="1" ind2=" ">
    <subfield code="a">Abril, Ernesto,</subfield>
    <subfield code="e">autor</subfield>
  </datafield>
  <datafield tag="700" ind1="1" ind2=" ">
    <subfield code="a">Tuori, Kaarlo,</subfield>
    <subfield code="e">autor</subfield>
  </datafield>
  <datafield tag="700" ind1="1" ind2=" ">
    <subfield code="a">Guibourg, Ricardo,</subfield>
    <subfield code="e">autor</subfield>
  </datafield>
  <datafield tag="700" ind1="1" ind2=" ">
    <subfield code="a">Rivera L&#xF3;pez, Eduardo,</subfield>
    <subfield code="e">autor</subfield>
  </datafield>
  <datafield tag="700" ind1="1" ind2=" ">
    <subfield code="a">Fiss, Owen,</subfield>
    <subfield code="e">autor</subfield>
  </datafield>
  <datafield tag="700" ind1="1" ind2=" ">
    <subfield code="a">Prieto Sanch&#xED;s, Luis,</subfield>
    <subfield code="e">autor</subfield>
  </datafield>
  <datafield tag="700" ind1="1" ind2=" ">
    <subfield code="a">Wright, Georg Henrik von, </subfield>
    <subfield code="e">autor</subfield>
  </datafield>
  <datafield tag="700" ind1="1" ind2=" ">
    <subfield code="a">D&#xED;az y D&#xED;az, Mart&#xED;n,</subfield>
    <subfield code="e">autor</subfield>
  </datafield>
  <datafield tag="700" ind1="1" ind2=" ">
    <subfield code="a">Zuleta, Hugo,</subfield>
    <subfield code="e">autor</subfield>
  </datafield>
  <datafield tag="700" ind1="1" ind2=" ">
    <subfield code="a">Cracogna, Dante,</subfield>
    <subfield code="e">autor</subfield>
  </datafield>
  <datafield tag="700" ind1="1" ind2=" ">
    <subfield code="a">Salmer&#xF3;n, Fernando,</subfield>
    <subfield code="e">autor</subfield>
  </datafield>
  <datafield tag="700" ind1="1" ind2=" ">
    <subfield code="a">Hierro Liborio,</subfield>
    <subfield code="e">autor</subfield>
  </datafield>
  <datafield tag="700" ind1="1" ind2=" ">
    <subfield code="a">Beuchot, Mauricio,</subfield>
    <subfield code="e">autor</subfield>
  </datafield>
  <datafield tag="700" ind1="1" ind2=" ">
    <subfield code="a">Larra&#xF1;aga, Pablo,</subfield>
    <subfield code="e">autor</subfield>
  </datafield>
  <datafield tag="700" ind1="1" ind2=" ">
    <subfield code="a">Peczenik, Aleksander,</subfield>
    <subfield code="e">autor</subfield>
  </datafield>
  <datafield tag="700" ind1="1" ind2=" ">
    <subfield code="a">Apel, Karl Otto,</subfield>
    <subfield code="e">autor</subfield>
  </datafield>
  <datafield tag="700" ind1="1" ind2=" ">
    <subfield code="a">Peces-Barba, Gregorio,</subfield>
    <subfield code="e">autor</subfield>
  </datafield>
  <datafield tag="700" ind1="1" ind2=" ">
    <subfield code="a">Laporta, Francisco, </subfield>
    <subfield code="e">autor</subfield>
  </datafield>
  <datafield tag="700" ind1="1" ind2=" ">
    <subfield code="a">Atienza, Manuel,</subfield>
    <subfield code="e">autor</subfield>
  </datafield>
  <datafield tag="942" ind1=" " ind2=" ">
    <subfield code="2">lcc</subfield>
    <subfield code="c">LIB</subfield>
  </datafield>
  <datafield tag="999" ind1=" " ind2=" ">
    <subfield code="c">88858</subfield>
    <subfield code="d">88858</subfield>
  </datafield>
  <datafield tag="952" ind1=" " ind2=" ">
    <subfield code="1">0</subfield>
    <subfield code="2">lcc</subfield>
    <subfield code="4">0</subfield>
    <subfield code="7">0</subfield>
    <subfield code="a">LIC-002</subfield>
    <subfield code="b">LIC-002</subfield>
    <subfield code="c">CONSULTA</subfield>
    <subfield code="d">2015-02-23</subfield>
    <subfield code="f">1a ed.</subfield>
    <subfield code="h"> V.1</subfield>
    <subfield code="i">D</subfield>
    <subfield code="k">CSA</subfield>
    <subfield code="o">K230 B53 1992 </subfield>
    <subfield code="p">BFD000006113</subfield>
    <subfield code="r">2015-02-23 00:00:00</subfield>
    <subfield code="t">1</subfield>
    <subfield code="v">1.00</subfield>
    <subfield code="y">LIB</subfield>
  </datafield>
  <datafield tag="952" ind1=" " ind2=" ">
    <subfield code="1">0</subfield>
    <subfield code="2">lcc</subfield>
    <subfield code="4">0</subfield>
    <subfield code="7">0</subfield>
    <subfield code="a">LIC-002</subfield>
    <subfield code="b">LIC-002</subfield>
    <subfield code="c">CONSULTA</subfield>
    <subfield code="d">2015-02-23</subfield>
    <subfield code="f">1a ed.</subfield>
    <subfield code="h"> V.1</subfield>
    <subfield code="i">D</subfield>
    <subfield code="k">CSA</subfield>
    <subfield code="o">K230 B53 1992 </subfield>
    <subfield code="p">BFD000006114</subfield>
    <subfield code="r">2015-02-23 00:00:00</subfield>
    <subfield code="t">2</subfield>
    <subfield code="v">1.00</subfield>
    <subfield code="y">LIB</subfield>
  </datafield>
  <datafield tag="952" ind1=" " ind2=" ">
    <subfield code="1">0</subfield>
    <subfield code="2">lcc</subfield>
    <subfield code="4">0</subfield>
    <subfield code="7">0</subfield>
    <subfield code="a">LIC-002</subfield>
    <subfield code="b">LIC-002</subfield>
    <subfield code="c">CONSULTA</subfield>
    <subfield code="d">2015-03-04</subfield>
    <subfield code="f">2a ed.</subfield>
    <subfield code="h">V.2</subfield>
    <subfield code="i">D</subfield>
    <subfield code="k">CSA</subfield>
    <subfield code="o">K230 B53 1992</subfield>
    <subfield code="p">BFD000006147</subfield>
    <subfield code="r">2015-03-04 00:00:00</subfield>
    <subfield code="t">1</subfield>
    <subfield code="v">1.00</subfield>
    <subfield code="y">LIB</subfield>
  </datafield>
  <datafield tag="952" ind1=" " ind2=" ">
    <subfield code="1">0</subfield>
    <subfield code="2">lcc</subfield>
    <subfield code="4">0</subfield>
    <subfield code="7">0</subfield>
    <subfield code="a">LIC-002</subfield>
    <subfield code="b">LIC-002</subfield>
    <subfield code="c">CONSULTA</subfield>
    <subfield code="d">2015-03-04</subfield>
    <subfield code="f">2a ed.</subfield>
    <subfield code="h">V.2</subfield>
    <subfield code="i">D</subfield>
    <subfield code="k">CSA</subfield>
    <subfield code="o">K230 B53 1992 </subfield>
    <subfield code="p">BFD000006148</subfield>
    <subfield code="r">2015-03-04 00:00:00</subfield>
    <subfield code="t">2</subfield>
    <subfield code="v">1.00</subfield>
    <subfield code="y">LIB</subfield>
  </datafield>
  <datafield tag="952" ind1=" " ind2=" ">
    <subfield code="1">0</subfield>
    <subfield code="2">lcc</subfield>
    <subfield code="4">0</subfield>
    <subfield code="7">0</subfield>
    <subfield code="a">LIC-002</subfield>
    <subfield code="b">LIC-002</subfield>
    <subfield code="c">CONSULTA</subfield>
    <subfield code="d">2015-03-04</subfield>
    <subfield code="f">2a ed.</subfield>
    <subfield code="h">V.3</subfield>
    <subfield code="i">D</subfield>
    <subfield code="k">CSA</subfield>
    <subfield code="o">K230 B53 1992 </subfield>
    <subfield code="p">BFD000006149</subfield>
    <subfield code="r">2015-03-04 00:00:00</subfield>
    <subfield code="t">1</subfield>
    <subfield code="v">1.00</subfield>
    <subfield code="y">LIB</subfield>
  </datafield>
  <datafield tag="952" ind1=" " ind2=" ">
    <subfield code="1">0</subfield>
    <subfield code="2">lcc</subfield>
    <subfield code="4">0</subfield>
    <subfield code="7">0</subfield>
    <subfield code="a">LIC-002</subfield>
    <subfield code="b">LIC-002</subfield>
    <subfield code="c">CONSULTA</subfield>
    <subfield code="d">2015-03-04</subfield>
    <subfield code="f">2a ed.</subfield>
    <subfield code="h"> V.3</subfield>
    <subfield code="i">D</subfield>
    <subfield code="k">CSA</subfield>
    <subfield code="o">K230 B53 1992 </subfield>
    <subfield code="p">BFD000006150</subfield>
    <subfield code="r">2015-03-04 00:00:00</subfield>
    <subfield code="t">2</subfield>
    <subfield code="v">1.00</subfield>
    <subfield code="y">LIB</subfield>
  </datafield>
  <datafield tag="952" ind1=" " ind2=" ">
    <subfield code="1">0</subfield>
    <subfield code="2">lcc</subfield>
    <subfield code="4">0</subfield>
    <subfield code="7">0</subfield>
    <subfield code="a">LIC-002</subfield>
    <subfield code="b">LIC-002</subfield>
    <subfield code="c">CONSULTA</subfield>
    <subfield code="d">2015-03-04</subfield>
    <subfield code="f">2a ed.</subfield>
    <subfield code="h">V.7</subfield>
    <subfield code="i">D</subfield>
    <subfield code="k">CSA</subfield>
    <subfield code="o">K230 B53 1993 </subfield>
    <subfield code="p">BFD000006151</subfield>
    <subfield code="r">2015-03-04 00:00:00</subfield>
    <subfield code="t">1</subfield>
    <subfield code="v">1.00</subfield>
    <subfield code="y">LIB</subfield>
  </datafield>
  <datafield tag="952" ind1=" " ind2=" ">
    <subfield code="1">0</subfield>
    <subfield code="2">lcc</subfield>
    <subfield code="4">0</subfield>
    <subfield code="7">0</subfield>
    <subfield code="a">LIC-002</subfield>
    <subfield code="b">LIC-002</subfield>
    <subfield code="c">CONSULTA</subfield>
    <subfield code="d">2015-03-04</subfield>
    <subfield code="f">2a ed.</subfield>
    <subfield code="h">V.7</subfield>
    <subfield code="i">D</subfield>
    <subfield code="k">CSA</subfield>
    <subfield code="o">K230 B53 1993 </subfield>
    <subfield code="p">BFD000006155</subfield>
    <subfield code="r">2015-03-04 00:00:00</subfield>
    <subfield code="t">2</subfield>
    <subfield code="v">1.00</subfield>
    <subfield code="y">LIB</subfield>
  </datafield>
  <datafield tag="952" ind1=" " ind2=" ">
    <subfield code="1">0</subfield>
    <subfield code="2">lcc</subfield>
    <subfield code="4">0</subfield>
    <subfield code="7">0</subfield>
    <subfield code="a">LIC-002</subfield>
    <subfield code="b">LIC-002</subfield>
    <subfield code="c">CONSULTA</subfield>
    <subfield code="d">2015-03-04</subfield>
    <subfield code="f">1a ed.</subfield>
    <subfield code="h">V.8</subfield>
    <subfield code="i">D</subfield>
    <subfield code="k">CSA</subfield>
    <subfield code="o">K230 B53 r2003 </subfield>
    <subfield code="p">BFD000003939</subfield>
    <subfield code="r">2015-03-04 00:00:00</subfield>
    <subfield code="t">1</subfield>
    <subfield code="v">1.00</subfield>
    <subfield code="y">LIB</subfield>
  </datafield>
  <datafield tag="952" ind1=" " ind2=" ">
    <subfield code="1">0</subfield>
    <subfield code="2">lcc</subfield>
    <subfield code="4">0</subfield>
    <subfield code="7">0</subfield>
    <subfield code="a">LIC-002</subfield>
    <subfield code="b">LIC-002</subfield>
    <subfield code="c">CONSULTA</subfield>
    <subfield code="d">2015-03-04</subfield>
    <subfield code="f">1a ed.</subfield>
    <subfield code="h">V.8 </subfield>
    <subfield code="i">D</subfield>
    <subfield code="k">CSA</subfield>
    <subfield code="o">K230 B53 r2003 </subfield>
    <subfield code="p">BFD000003940</subfield>
    <subfield code="r">2015-03-04 00:00:00</subfield>
    <subfield code="t">2</subfield>
    <subfield code="v">1.00</subfield>
    <subfield code="y">LIB</subfield>
  </datafield>
  <datafield tag="952" ind1=" " ind2=" ">
    <subfield code="1">0</subfield>
    <subfield code="2">lcc</subfield>
    <subfield code="4">0</subfield>
    <subfield code="7">0</subfield>
    <subfield code="a">LIC-002</subfield>
    <subfield code="b">LIC-002</subfield>
    <subfield code="c">CONSULTA</subfield>
    <subfield code="d">2015-03-04</subfield>
    <subfield code="f">1a ed.</subfield>
    <subfield code="h"> V.9</subfield>
    <subfield code="i">D</subfield>
    <subfield code="k">CSA</subfield>
    <subfield code="o">K230 B53 1991 </subfield>
    <subfield code="p">BFD000006115</subfield>
    <subfield code="r">2015-03-04 00:00:00</subfield>
    <subfield code="t">1</subfield>
    <subfield code="v">1.00</subfield>
    <subfield code="y">LIB</subfield>
  </datafield>
  <datafield tag="952" ind1=" " ind2=" ">
    <subfield code="1">0</subfield>
    <subfield code="2">lcc</subfield>
    <subfield code="4">0</subfield>
    <subfield code="7">0</subfield>
    <subfield code="a">LIC-002</subfield>
    <subfield code="b">LIC-002</subfield>
    <subfield code="c">CONSULTA</subfield>
    <subfield code="d">2015-03-04</subfield>
    <subfield code="f">1a ed.</subfield>
    <subfield code="h">V.9 </subfield>
    <subfield code="i">D</subfield>
    <subfield code="k">CSA</subfield>
    <subfield code="o">K230 B53 1991 </subfield>
    <subfield code="p">BFD000006116</subfield>
    <subfield code="r">2015-03-04 00:00:00</subfield>
    <subfield code="t">2</subfield>
    <subfield code="v">1.00</subfield>
    <subfield code="y">LIB</subfield>
  </datafield>
  <datafield tag="952" ind1=" " ind2=" ">
    <subfield code="1">0</subfield>
    <subfield code="2">lcc</subfield>
    <subfield code="4">0</subfield>
    <subfield code="7">0</subfield>
    <subfield code="a">LIC-002</subfield>
    <subfield code="b">LIC-002</subfield>
    <subfield code="c">CONSULTA</subfield>
    <subfield code="d">2015-03-04</subfield>
    <subfield code="f">1a ed.</subfield>
    <subfield code="h">V.10</subfield>
    <subfield code="i">D</subfield>
    <subfield code="k">CSA</subfield>
    <subfield code="o">K230 B53 r2006</subfield>
    <subfield code="p">BFD000006117</subfield>
    <subfield code="r">2015-03-04 00:00:00</subfield>
    <subfield code="t">1</subfield>
    <subfield code="v">1.00</subfield>
    <subfield code="y">LIB</subfield>
  </datafield>
  <datafield tag="952" ind1=" " ind2=" ">
    <subfield code="1">0</subfield>
    <subfield code="2">lcc</subfield>
    <subfield code="4">0</subfield>
    <subfield code="7">0</subfield>
    <subfield code="a">LIC-002</subfield>
    <subfield code="b">LIC-002</subfield>
    <subfield code="c">CONSULTA</subfield>
    <subfield code="d">2015-03-04</subfield>
    <subfield code="f">1a ed.</subfield>
    <subfield code="h"> V.10</subfield>
    <subfield code="i">D</subfield>
    <subfield code="k">CSA</subfield>
    <subfield code="o">K230 B53 r2006 </subfield>
    <subfield code="p">BFD000006118</subfield>
    <subfield code="r">2015-03-04 00:00:00</subfield>
    <subfield code="t">2</subfield>
    <subfield code="v">1.00</subfield>
    <subfield code="y">LIB</subfield>
  </datafield>
  <datafield tag="952" ind1=" " ind2=" ">
    <subfield code="1">0</subfield>
    <subfield code="2">lcc</subfield>
    <subfield code="4">0</subfield>
    <subfield code="7">0</subfield>
    <subfield code="a">LIC-002</subfield>
    <subfield code="b">LIC-002</subfield>
    <subfield code="c">CONSULTA</subfield>
    <subfield code="d">2015-03-04</subfield>
    <subfield code="f">1a ed.</subfield>
    <subfield code="h"> V.11</subfield>
    <subfield code="i">D</subfield>
    <subfield code="k">CSA</subfield>
    <subfield code="o">K230 B53 r2003 </subfield>
    <subfield code="p">BFD000003944</subfield>
    <subfield code="r">2015-03-04 00:00:00</subfield>
    <subfield code="t">1</subfield>
    <subfield code="v">1.00</subfield>
    <subfield code="y">LIB</subfield>
  </datafield>
  <datafield tag="952" ind1=" " ind2=" ">
    <subfield code="1">0</subfield>
    <subfield code="2">lcc</subfield>
    <subfield code="4">0</subfield>
    <subfield code="7">0</subfield>
    <subfield code="a">LIC-002</subfield>
    <subfield code="b">LIC-002</subfield>
    <subfield code="c">CONSULTA</subfield>
    <subfield code="d">2015-03-04</subfield>
    <subfield code="f">1a ed.</subfield>
    <subfield code="h"> V.11</subfield>
    <subfield code="i">D</subfield>
    <subfield code="k">CSA</subfield>
    <subfield code="o">K230 B53 r2003</subfield>
    <subfield code="p">BFD000003945</subfield>
    <subfield code="r">2015-03-04 00:00:00</subfield>
    <subfield code="t">2</subfield>
    <subfield code="v">1.00</subfield>
    <subfield code="y">LIB</subfield>
  </datafield>
  <datafield tag="952" ind1=" " ind2=" ">
    <subfield code="1">0</subfield>
    <subfield code="2">lcc</subfield>
    <subfield code="4">0</subfield>
    <subfield code="7">0</subfield>
    <subfield code="a">LIC-002</subfield>
    <subfield code="b">LIC-002</subfield>
    <subfield code="c">CONSULTA</subfield>
    <subfield code="d">2015-03-04</subfield>
    <subfield code="f">1a ed.</subfield>
    <subfield code="h">V.12</subfield>
    <subfield code="i">D</subfield>
    <subfield code="k">CSA</subfield>
    <subfield code="o">K230 B53 r2004 </subfield>
    <subfield code="p">BFD000006119</subfield>
    <subfield code="r">2015-03-04 00:00:00</subfield>
    <subfield code="t">1</subfield>
    <subfield code="v">1.00</subfield>
    <subfield code="y">LIB</subfield>
  </datafield>
  <datafield tag="952" ind1=" " ind2=" ">
    <subfield code="1">0</subfield>
    <subfield code="2">lcc</subfield>
    <subfield code="4">0</subfield>
    <subfield code="7">0</subfield>
    <subfield code="a">LIC-002</subfield>
    <subfield code="b">LIC-002</subfield>
    <subfield code="c">CONSULTA</subfield>
    <subfield code="d">2015-03-04</subfield>
    <subfield code="f">1a ed.</subfield>
    <subfield code="h"> V.12 </subfield>
    <subfield code="i">D</subfield>
    <subfield code="k">CSA</subfield>
    <subfield code="o">K230 B53 r2004 </subfield>
    <subfield code="p">BFD000006120</subfield>
    <subfield code="r">2015-03-04 00:00:00</subfield>
    <subfield code="t">2</subfield>
    <subfield code="v">1.00</subfield>
    <subfield code="y">LIB</subfield>
  </datafield>
  <datafield tag="952" ind1=" " ind2=" ">
    <subfield code="1">0</subfield>
    <subfield code="2">lcc</subfield>
    <subfield code="4">0</subfield>
    <subfield code="7">0</subfield>
    <subfield code="a">LIC-002</subfield>
    <subfield code="b">LIC-002</subfield>
    <subfield code="c">CONSULTA</subfield>
    <subfield code="d">2015-03-04</subfield>
    <subfield code="f">2a ed.</subfield>
    <subfield code="h">V.14 </subfield>
    <subfield code="i">D</subfield>
    <subfield code="k">CSA</subfield>
    <subfield code="o">K230 B53 1993</subfield>
    <subfield code="p">BFD000006156</subfield>
    <subfield code="r">2015-03-04 00:00:00</subfield>
    <subfield code="t">1</subfield>
    <subfield code="v">1.00</subfield>
    <subfield code="y">LIB</subfield>
  </datafield>
  <datafield tag="952" ind1=" " ind2=" ">
    <subfield code="1">0</subfield>
    <subfield code="2">lcc</subfield>
    <subfield code="4">0</subfield>
    <subfield code="7">0</subfield>
    <subfield code="a">LIC-002</subfield>
    <subfield code="b">LIC-002</subfield>
    <subfield code="c">CONSULTA</subfield>
    <subfield code="d">2015-03-04</subfield>
    <subfield code="f">2a ed.</subfield>
    <subfield code="h"> V.14</subfield>
    <subfield code="i">D</subfield>
    <subfield code="k">CSA</subfield>
    <subfield code="o">K230 B53 1993</subfield>
    <subfield code="p">BFD000006157</subfield>
    <subfield code="r">2015-03-04 00:00:00</subfield>
    <subfield code="t">2</subfield>
    <subfield code="v">1.00</subfield>
    <subfield code="y">LIB</subfield>
  </datafield>
  <datafield tag="952" ind1=" " ind2=" ">
    <subfield code="1">0</subfield>
    <subfield code="2">lcc</subfield>
    <subfield code="4">0</subfield>
    <subfield code="7">0</subfield>
    <subfield code="a">LIC-002</subfield>
    <subfield code="b">LIC-002</subfield>
    <subfield code="c">CONSULTA</subfield>
    <subfield code="d">2015-03-04</subfield>
    <subfield code="f">1a ed.</subfield>
    <subfield code="h">V.17</subfield>
    <subfield code="i">D</subfield>
    <subfield code="k">CSA</subfield>
    <subfield code="o">K230 B53 1992</subfield>
    <subfield code="p">BFD000006121</subfield>
    <subfield code="r">2015-03-04 00:00:00</subfield>
    <subfield code="t">1</subfield>
    <subfield code="v">1.00</subfield>
    <subfield code="y">LIB</subfield>
  </datafield>
  <datafield tag="952" ind1=" " ind2=" ">
    <subfield code="1">0</subfield>
    <subfield code="2">lcc</subfield>
    <subfield code="4">0</subfield>
    <subfield code="7">0</subfield>
    <subfield code="a">LIC-002</subfield>
    <subfield code="b">LIC-002</subfield>
    <subfield code="c">CONSULTA</subfield>
    <subfield code="d">2015-03-04</subfield>
    <subfield code="f">1a ed.</subfield>
    <subfield code="h">V.19</subfield>
    <subfield code="i">D</subfield>
    <subfield code="k">CSA</subfield>
    <subfield code="o">K230 B53 1992 </subfield>
    <subfield code="p">BFD000006124</subfield>
    <subfield code="r">2015-03-04 00:00:00</subfield>
    <subfield code="t">1</subfield>
    <subfield code="v">1.00</subfield>
    <subfield code="y">LIB</subfield>
  </datafield>
  <datafield tag="952" ind1=" " ind2=" ">
    <subfield code="1">0</subfield>
    <subfield code="2">lcc</subfield>
    <subfield code="4">0</subfield>
    <subfield code="7">0</subfield>
    <subfield code="a">LIC-002</subfield>
    <subfield code="b">LIC-002</subfield>
    <subfield code="c">CONSULTA</subfield>
    <subfield code="d">2015-03-04</subfield>
    <subfield code="f">1a ed.</subfield>
    <subfield code="h">V.19</subfield>
    <subfield code="i">D</subfield>
    <subfield code="k">CSA</subfield>
    <subfield code="o">K230 B53 1992 </subfield>
    <subfield code="p">BFD000006125</subfield>
    <subfield code="r">2015-03-04 00:00:00</subfield>
    <subfield code="t">2</subfield>
    <subfield code="v">1.00</subfield>
    <subfield code="y">LIB</subfield>
  </datafield>
  <datafield tag="952" ind1=" " ind2=" ">
    <subfield code="1">0</subfield>
    <subfield code="2">lcc</subfield>
    <subfield code="4">0</subfield>
    <subfield code="7">0</subfield>
    <subfield code="a">LIC-002</subfield>
    <subfield code="b">LIC-002</subfield>
    <subfield code="c">CONSULTA</subfield>
    <subfield code="d">2015-03-04</subfield>
    <subfield code="f">1a ed.</subfield>
    <subfield code="h"> V.20</subfield>
    <subfield code="i">D</subfield>
    <subfield code="k">CSA</subfield>
    <subfield code="o">K230 B53 1992 </subfield>
    <subfield code="p">BFD000006126</subfield>
    <subfield code="r">2015-03-04 00:00:00</subfield>
    <subfield code="t">1</subfield>
    <subfield code="v">1.00</subfield>
    <subfield code="y">LIB</subfield>
  </datafield>
  <datafield tag="952" ind1=" " ind2=" ">
    <subfield code="1">0</subfield>
    <subfield code="2">lcc</subfield>
    <subfield code="4">0</subfield>
    <subfield code="7">0</subfield>
    <subfield code="a">LIC-002</subfield>
    <subfield code="b">LIC-002</subfield>
    <subfield code="c">CONSULTA</subfield>
    <subfield code="d">2015-03-04</subfield>
    <subfield code="f">1a ed.</subfield>
    <subfield code="h">V.20 </subfield>
    <subfield code="i">D</subfield>
    <subfield code="k">CSA</subfield>
    <subfield code="o">K230 B53 1992 </subfield>
    <subfield code="p">BFD000006129</subfield>
    <subfield code="r">2015-03-04 00:00:00</subfield>
    <subfield code="t">2</subfield>
    <subfield code="v">1.00</subfield>
    <subfield code="y">LIB</subfield>
  </datafield>
  <datafield tag="952" ind1=" " ind2=" ">
    <subfield code="1">0</subfield>
    <subfield code="2">lcc</subfield>
    <subfield code="4">0</subfield>
    <subfield code="7">0</subfield>
    <subfield code="a">LIC-002</subfield>
    <subfield code="b">LIC-002</subfield>
    <subfield code="c">CONSULTA</subfield>
    <subfield code="d">2015-03-04</subfield>
    <subfield code="f">1a ed.</subfield>
    <subfield code="h">V.22</subfield>
    <subfield code="i">D</subfield>
    <subfield code="k">CSA</subfield>
    <subfield code="o">K230 B53 1993 V.22</subfield>
    <subfield code="p">BFD000006127</subfield>
    <subfield code="r">2015-03-04 00:00:00</subfield>
    <subfield code="t">1</subfield>
    <subfield code="v">1.00</subfield>
    <subfield code="y">LIB</subfield>
  </datafield>
  <datafield tag="952" ind1=" " ind2=" ">
    <subfield code="1">0</subfield>
    <subfield code="2">lcc</subfield>
    <subfield code="4">0</subfield>
    <subfield code="7">0</subfield>
    <subfield code="a">LIC-002</subfield>
    <subfield code="b">LIC-002</subfield>
    <subfield code="c">CONSULTA</subfield>
    <subfield code="d">2015-03-04</subfield>
    <subfield code="f">1a ed.</subfield>
    <subfield code="h">V.22</subfield>
    <subfield code="i">D</subfield>
    <subfield code="k">CSA</subfield>
    <subfield code="o">K230 B53 1993</subfield>
    <subfield code="p">BFD000006130</subfield>
    <subfield code="r">2015-03-04 00:00:00</subfield>
    <subfield code="t">2</subfield>
    <subfield code="v">1.00</subfield>
    <subfield code="y">LIB</subfield>
  </datafield>
  <datafield tag="952" ind1=" " ind2=" ">
    <subfield code="1">0</subfield>
    <subfield code="2">lcc</subfield>
    <subfield code="4">0</subfield>
    <subfield code="7">0</subfield>
    <subfield code="a">LIC-002</subfield>
    <subfield code="b">LIC-002</subfield>
    <subfield code="c">CONSULTA</subfield>
    <subfield code="d">2015-03-04</subfield>
    <subfield code="f">1a ed.</subfield>
    <subfield code="h">V.23</subfield>
    <subfield code="i">D</subfield>
    <subfield code="k">CSA</subfield>
    <subfield code="o">K230 B53 1993 </subfield>
    <subfield code="p">BFD000006128</subfield>
    <subfield code="r">2015-03-04 00:00:00</subfield>
    <subfield code="t">1</subfield>
    <subfield code="v">1.00</subfield>
    <subfield code="y">LIB</subfield>
  </datafield>
  <datafield tag="952" ind1=" " ind2=" ">
    <subfield code="1">0</subfield>
    <subfield code="2">lcc</subfield>
    <subfield code="4">0</subfield>
    <subfield code="7">0</subfield>
    <subfield code="a">LIC-002</subfield>
    <subfield code="b">LIC-002</subfield>
    <subfield code="c">CONSULTA</subfield>
    <subfield code="d">2015-03-04</subfield>
    <subfield code="f">1a ed.</subfield>
    <subfield code="h"> V.23</subfield>
    <subfield code="i">D</subfield>
    <subfield code="k">CSA</subfield>
    <subfield code="o">K230 B53 1993 </subfield>
    <subfield code="p">BFD000006131</subfield>
    <subfield code="r">2015-03-04 00:00:00</subfield>
    <subfield code="t">2</subfield>
    <subfield code="v">1.00</subfield>
    <subfield code="y">LIB</subfield>
  </datafield>
  <datafield tag="952" ind1=" " ind2=" ">
    <subfield code="1">0</subfield>
    <subfield code="2">lcc</subfield>
    <subfield code="4">0</subfield>
    <subfield code="7">0</subfield>
    <subfield code="a">LIC-002</subfield>
    <subfield code="b">LIC-002</subfield>
    <subfield code="c">CONSULTA</subfield>
    <subfield code="d">2015-03-04</subfield>
    <subfield code="f">1a ed.</subfield>
    <subfield code="h"> V.25</subfield>
    <subfield code="i">D</subfield>
    <subfield code="k">CSA</subfield>
    <subfield code="o">K230 B53 1993 </subfield>
    <subfield code="p">BFD000006132</subfield>
    <subfield code="r">2015-03-04 00:00:00</subfield>
    <subfield code="t">1</subfield>
    <subfield code="v">1.00</subfield>
    <subfield code="y">LIB</subfield>
  </datafield>
  <datafield tag="952" ind1=" " ind2=" ">
    <subfield code="1">0</subfield>
    <subfield code="2">lcc</subfield>
    <subfield code="4">0</subfield>
    <subfield code="7">0</subfield>
    <subfield code="a">LIC-002</subfield>
    <subfield code="b">LIC-002</subfield>
    <subfield code="c">CONSULTA</subfield>
    <subfield code="d">2015-03-04</subfield>
    <subfield code="f">1a ed.</subfield>
    <subfield code="h">V.25</subfield>
    <subfield code="i">D</subfield>
    <subfield code="k">CSA</subfield>
    <subfield code="o">K230 B53 1993 </subfield>
    <subfield code="p">BFD000006133</subfield>
    <subfield code="r">2015-03-04 00:00:00</subfield>
    <subfield code="t">2</subfield>
    <subfield code="v">1.00</subfield>
    <subfield code="y">LIB</subfield>
  </datafield>
  <datafield tag="952" ind1=" " ind2=" ">
    <subfield code="1">0</subfield>
    <subfield code="2">lcc</subfield>
    <subfield code="4">0</subfield>
    <subfield code="7">0</subfield>
    <subfield code="a">LIC-002</subfield>
    <subfield code="b">LIC-002</subfield>
    <subfield code="c">CONSULTA</subfield>
    <subfield code="d">2015-03-04</subfield>
    <subfield code="f">3a ed.</subfield>
    <subfield code="h">V.26</subfield>
    <subfield code="i">D</subfield>
    <subfield code="k">CSA</subfield>
    <subfield code="o">K230 B53 2000</subfield>
    <subfield code="p">BFD000006159</subfield>
    <subfield code="r">2015-03-04 00:00:00</subfield>
    <subfield code="t">1</subfield>
    <subfield code="v">1.00</subfield>
    <subfield code="y">LIB</subfield>
  </datafield>
  <datafield tag="952" ind1=" " ind2=" ">
    <subfield code="1">0</subfield>
    <subfield code="2">lcc</subfield>
    <subfield code="4">0</subfield>
    <subfield code="7">0</subfield>
    <subfield code="a">LIC-002</subfield>
    <subfield code="b">LIC-002</subfield>
    <subfield code="c">CONSULTA</subfield>
    <subfield code="d">2015-03-04</subfield>
    <subfield code="f">3a ed.</subfield>
    <subfield code="h">V.26</subfield>
    <subfield code="i">D</subfield>
    <subfield code="k">CSA</subfield>
    <subfield code="o">K230 B53 2000 </subfield>
    <subfield code="p">BFD000006160</subfield>
    <subfield code="r">2015-03-04 00:00:00</subfield>
    <subfield code="t">2</subfield>
    <subfield code="v">1.00</subfield>
    <subfield code="y">LIB</subfield>
  </datafield>
  <datafield tag="952" ind1=" " ind2=" ">
    <subfield code="1">0</subfield>
    <subfield code="2">lcc</subfield>
    <subfield code="4">0</subfield>
    <subfield code="7">0</subfield>
    <subfield code="a">LIC-002</subfield>
    <subfield code="b">LIC-002</subfield>
    <subfield code="c">CONSULTA</subfield>
    <subfield code="d">2015-03-04</subfield>
    <subfield code="f">1a ed.</subfield>
    <subfield code="h"> V.28</subfield>
    <subfield code="i">D</subfield>
    <subfield code="k">CSA</subfield>
    <subfield code="o">K230 B53 1993 </subfield>
    <subfield code="p">BFD000000534</subfield>
    <subfield code="r">2015-03-04 00:00:00</subfield>
    <subfield code="t">1</subfield>
    <subfield code="v">1.00</subfield>
    <subfield code="y">LIB</subfield>
  </datafield>
  <datafield tag="952" ind1=" " ind2=" ">
    <subfield code="1">0</subfield>
    <subfield code="2">lcc</subfield>
    <subfield code="4">0</subfield>
    <subfield code="7">0</subfield>
    <subfield code="a">LIC-002</subfield>
    <subfield code="b">LIC-002</subfield>
    <subfield code="c">CONSULTA</subfield>
    <subfield code="d">2015-03-04</subfield>
    <subfield code="f">1a ed.</subfield>
    <subfield code="h">V.28</subfield>
    <subfield code="i">D</subfield>
    <subfield code="k">CSA</subfield>
    <subfield code="o">K230 B53 1993 </subfield>
    <subfield code="p">BFD000000535</subfield>
    <subfield code="r">2015-03-04 00:00:00</subfield>
    <subfield code="t">2</subfield>
    <subfield code="v">1.00</subfield>
    <subfield code="y">LIB</subfield>
  </datafield>
  <datafield tag="952" ind1=" " ind2=" ">
    <subfield code="1">0</subfield>
    <subfield code="2">lcc</subfield>
    <subfield code="4">0</subfield>
    <subfield code="7">0</subfield>
    <subfield code="a">LIC-002</subfield>
    <subfield code="b">LIC-002</subfield>
    <subfield code="c">CONSULTA</subfield>
    <subfield code="d">2015-03-04</subfield>
    <subfield code="f">1a ed.</subfield>
    <subfield code="h">V.30</subfield>
    <subfield code="i">D</subfield>
    <subfield code="k">CSA</subfield>
    <subfield code="o">K230 B53 1993</subfield>
    <subfield code="p">BFD000006134</subfield>
    <subfield code="r">2015-03-04 00:00:00</subfield>
    <subfield code="t">1</subfield>
    <subfield code="v">1.00</subfield>
    <subfield code="y">LIB</subfield>
  </datafield>
  <datafield tag="952" ind1=" " ind2=" ">
    <subfield code="1">0</subfield>
    <subfield code="2">lcc</subfield>
    <subfield code="4">0</subfield>
    <subfield code="7">0</subfield>
    <subfield code="a">LIC-002</subfield>
    <subfield code="b">LIC-002</subfield>
    <subfield code="c">CONSULTA</subfield>
    <subfield code="d">2015-03-04</subfield>
    <subfield code="f">1a ed.</subfield>
    <subfield code="h"> V.30</subfield>
    <subfield code="i">D</subfield>
    <subfield code="k">CSA</subfield>
    <subfield code="o">K230 B53 1993</subfield>
    <subfield code="p">BFD000006135</subfield>
    <subfield code="r">2015-03-04 00:00:00</subfield>
    <subfield code="t">2</subfield>
    <subfield code="v">1.00</subfield>
    <subfield code="y">LIB</subfield>
  </datafield>
  <datafield tag="952" ind1=" " ind2=" ">
    <subfield code="1">0</subfield>
    <subfield code="2">lcc</subfield>
    <subfield code="4">0</subfield>
    <subfield code="7">0</subfield>
    <subfield code="a">LIC-002</subfield>
    <subfield code="b">LIC-002</subfield>
    <subfield code="c">CONSULTA</subfield>
    <subfield code="d">2015-03-04</subfield>
    <subfield code="f">1a ed.</subfield>
    <subfield code="h">V.31</subfield>
    <subfield code="i">D</subfield>
    <subfield code="k">CSA</subfield>
    <subfield code="o">K230 B53 r2004 </subfield>
    <subfield code="p">BFD000006136</subfield>
    <subfield code="r">2015-03-04 00:00:00</subfield>
    <subfield code="t">1</subfield>
    <subfield code="v">1.00</subfield>
    <subfield code="y">LIB</subfield>
  </datafield>
  <datafield tag="952" ind1=" " ind2=" ">
    <subfield code="1">0</subfield>
    <subfield code="2">lcc</subfield>
    <subfield code="4">0</subfield>
    <subfield code="7">0</subfield>
    <subfield code="a">LIC-002</subfield>
    <subfield code="b">LIC-002</subfield>
    <subfield code="c">CONSULTA</subfield>
    <subfield code="d">2015-03-04</subfield>
    <subfield code="f">1a ed.</subfield>
    <subfield code="h">V.31</subfield>
    <subfield code="i">D</subfield>
    <subfield code="k">CSA</subfield>
    <subfield code="o">K230 B53 r2004 </subfield>
    <subfield code="p">BFD000006137</subfield>
    <subfield code="r">2015-03-04 00:00:00</subfield>
    <subfield code="t">2</subfield>
    <subfield code="v">1.00</subfield>
    <subfield code="y">LIB</subfield>
  </datafield>
  <datafield tag="952" ind1=" " ind2=" ">
    <subfield code="1">0</subfield>
    <subfield code="2">lcc</subfield>
    <subfield code="4">0</subfield>
    <subfield code="7">0</subfield>
    <subfield code="a">LIC-002</subfield>
    <subfield code="b">LIC-002</subfield>
    <subfield code="c">CONSULTA</subfield>
    <subfield code="d">2015-03-04</subfield>
    <subfield code="f">2a ed.</subfield>
    <subfield code="h">V.35</subfield>
    <subfield code="i">D</subfield>
    <subfield code="k">CSA</subfield>
    <subfield code="o">K230 B53 2001</subfield>
    <subfield code="p">BFD000002911</subfield>
    <subfield code="r">2015-03-04 00:00:00</subfield>
    <subfield code="t">1</subfield>
    <subfield code="v">1.00</subfield>
    <subfield code="y">LIB</subfield>
  </datafield>
  <datafield tag="952" ind1=" " ind2=" ">
    <subfield code="1">0</subfield>
    <subfield code="2">lcc</subfield>
    <subfield code="4">0</subfield>
    <subfield code="7">0</subfield>
    <subfield code="a">LIC-002</subfield>
    <subfield code="b">LIC-002</subfield>
    <subfield code="c">CONSULTA</subfield>
    <subfield code="d">2015-03-04</subfield>
    <subfield code="f">2a ed.</subfield>
    <subfield code="h">V.35</subfield>
    <subfield code="i">D</subfield>
    <subfield code="k">CSA</subfield>
    <subfield code="o">K230 B53 2001</subfield>
    <subfield code="p">BFD000006158</subfield>
    <subfield code="r">2015-03-04 00:00:00</subfield>
    <subfield code="t">2</subfield>
    <subfield code="v">1.00</subfield>
    <subfield code="y">LIB</subfield>
  </datafield>
  <datafield tag="952" ind1=" " ind2=" ">
    <subfield code="1">0</subfield>
    <subfield code="2">lcc</subfield>
    <subfield code="4">0</subfield>
    <subfield code="7">0</subfield>
    <subfield code="a">LIC-002</subfield>
    <subfield code="b">LIC-002</subfield>
    <subfield code="c">CONSULTA</subfield>
    <subfield code="d">2015-03-10</subfield>
    <subfield code="f">1a ed.</subfield>
    <subfield code="h">V.60</subfield>
    <subfield code="i">D</subfield>
    <subfield code="k">CSA</subfield>
    <subfield code="o">K230 B53 r2005 </subfield>
    <subfield code="p">BFD000006241</subfield>
    <subfield code="r">2015-03-10 00:00:00</subfield>
    <subfield code="t">1</subfield>
    <subfield code="v">1.00</subfield>
    <subfield code="y">LIB</subfield>
  </datafield>
  <datafield tag="952" ind1=" " ind2=" ">
    <subfield code="1">0</subfield>
    <subfield code="2">lcc</subfield>
    <subfield code="4">0</subfield>
    <subfield code="7">0</subfield>
    <subfield code="a">LIC-002</subfield>
    <subfield code="b">LIC-002</subfield>
    <subfield code="c">CONSULTA</subfield>
    <subfield code="d">2015-03-10</subfield>
    <subfield code="f">1a ed.</subfield>
    <subfield code="h">V.60</subfield>
    <subfield code="i">D</subfield>
    <subfield code="k">CSA</subfield>
    <subfield code="o">K230 B53 r2005 V.6</subfield>
    <subfield code="p">BFD000006242</subfield>
    <subfield code="r">2015-03-10 00:00:00</subfield>
    <subfield code="t">2</subfield>
    <subfield code="v">1.00</subfield>
    <subfield code="y">LIB</subfield>
  </datafield>
  <datafield tag="952" ind1=" " ind2=" ">
    <subfield code="1">0</subfield>
    <subfield code="2">lcc</subfield>
    <subfield code="4">0</subfield>
    <subfield code="7">0</subfield>
    <subfield code="a">LIC-002</subfield>
    <subfield code="b">LIC-002</subfield>
    <subfield code="c">CONSULTA</subfield>
    <subfield code="d">2015-03-10</subfield>
    <subfield code="f">1a ed.</subfield>
    <subfield code="h">V.73</subfield>
    <subfield code="i">D</subfield>
    <subfield code="k">CSA</subfield>
    <subfield code="o">K230 B53 r2004 </subfield>
    <subfield code="p">BFD000000533</subfield>
    <subfield code="r">2015-03-10 00:00:00</subfield>
    <subfield code="t">1</subfield>
    <subfield code="v">1.00</subfield>
    <subfield code="y">LIB</subfield>
  </datafield>
  <datafield tag="952" ind1=" " ind2=" ">
    <subfield code="1">0</subfield>
    <subfield code="2">lcc</subfield>
    <subfield code="4">0</subfield>
    <subfield code="7">0</subfield>
    <subfield code="a">LIC-002</subfield>
    <subfield code="b">LIC-002</subfield>
    <subfield code="c">CONSULTA</subfield>
    <subfield code="d">2015-03-10</subfield>
    <subfield code="f">1a ed.</subfield>
    <subfield code="h">V.91</subfield>
    <subfield code="i">D</subfield>
    <subfield code="k">CSA</subfield>
    <subfield code="o">K230 B53 r2004 </subfield>
    <subfield code="p">BFD000006144</subfield>
    <subfield code="r">2015-03-10 00:00:00</subfield>
    <subfield code="t">1</subfield>
    <subfield code="v">1.00</subfield>
    <subfield code="y">LIB</subfield>
  </datafield>
  <datafield tag="952" ind1=" " ind2=" ">
    <subfield code="1">0</subfield>
    <subfield code="2">lcc</subfield>
    <subfield code="4">0</subfield>
    <subfield code="7">0</subfield>
    <subfield code="a">LIC-002</subfield>
    <subfield code="b">LIC-002</subfield>
    <subfield code="c">CONSULTA</subfield>
    <subfield code="d">2015-04-15</subfield>
    <subfield code="f">2a ed.</subfield>
    <subfield code="h">V.6</subfield>
    <subfield code="i">D</subfield>
    <subfield code="k">CSA</subfield>
    <subfield code="o">K230 B53 1992 </subfield>
    <subfield code="p">BFD000006432</subfield>
    <subfield code="r">2015-04-15 00:00:00</subfield>
    <subfield code="t">1</subfield>
    <subfield code="v">1.00</subfield>
    <subfield code="y">LIB</subfield>
  </datafield>
  <datafield tag="952" ind1=" " ind2=" ">
    <subfield code="1">0</subfield>
    <subfield code="2">lcc</subfield>
    <subfield code="4">0</subfield>
    <subfield code="7">0</subfield>
    <subfield code="a">LIC-002</subfield>
    <subfield code="b">LIC-002</subfield>
    <subfield code="c">CONSULTA</subfield>
    <subfield code="d">2015-04-15</subfield>
    <subfield code="f">2a ed.</subfield>
    <subfield code="h">V.6</subfield>
    <subfield code="i">D</subfield>
    <subfield code="k">CSA</subfield>
    <subfield code="o">K230 B53 1992 </subfield>
    <subfield code="p">BFD000006433</subfield>
    <subfield code="r">2015-04-15 00:00:00</subfield>
    <subfield code="t">2</subfield>
    <subfield code="v">1.00</subfield>
    <subfield code="y">LIB</subfield>
  </datafield>
  <datafield tag="952" ind1=" " ind2=" ">
    <subfield code="1">0</subfield>
    <subfield code="2">lcc</subfield>
    <subfield code="4">0</subfield>
    <subfield code="7">0</subfield>
    <subfield code="a">LIC-002</subfield>
    <subfield code="b">LIC-002</subfield>
    <subfield code="c">CONSULTA</subfield>
    <subfield code="d">2015-10-09</subfield>
    <subfield code="f">2a ed.</subfield>
    <subfield code="h">V.13</subfield>
    <subfield code="i">D</subfield>
    <subfield code="k">CSA</subfield>
    <subfield code="o">K230 B53 1998 </subfield>
    <subfield code="p">BFD000006979</subfield>
    <subfield code="r">2015-10-09 00:00:00</subfield>
    <subfield code="t">1</subfield>
    <subfield code="v">1.00</subfield>
    <subfield code="y">LIB</subfield>
  </datafield>
  <datafield tag="952" ind1=" " ind2=" ">
    <subfield code="1">0</subfield>
    <subfield code="2">lcc</subfield>
    <subfield code="4">0</subfield>
    <subfield code="7">0</subfield>
    <subfield code="a">POS-042</subfield>
    <subfield code="b">POS-042</subfield>
    <subfield code="c">CONSULTA</subfield>
    <subfield code="d">2019-08-21</subfield>
    <subfield code="f">2a ed.</subfield>
    <subfield code="h">V.1</subfield>
    <subfield code="i">D</subfield>
    <subfield code="k">CSA</subfield>
    <subfield code="o">K230 B53 1996</subfield>
    <subfield code="p">BPD000000769</subfield>
    <subfield code="r">2019-08-21 00:00:00</subfield>
    <subfield code="t">1</subfield>
    <subfield code="v">1.00</subfield>
    <subfield code="y">LIB</subfield>
  </datafield>
  <datafield tag="952" ind1=" " ind2=" ">
    <subfield code="1">0</subfield>
    <subfield code="2">lcc</subfield>
    <subfield code="4">0</subfield>
    <subfield code="7">0</subfield>
    <subfield code="a">POS-042</subfield>
    <subfield code="b">POS-042</subfield>
    <subfield code="c">CONSULTA</subfield>
    <subfield code="d">2019-08-21</subfield>
    <subfield code="f">3a ed.</subfield>
    <subfield code="h">V.2</subfield>
    <subfield code="i">D</subfield>
    <subfield code="k">CSA</subfield>
    <subfield code="o">K230 B53 1995</subfield>
    <subfield code="p">BPD000000770</subfield>
    <subfield code="r">2019-08-21 00:00:00</subfield>
    <subfield code="t">1</subfield>
    <subfield code="v">1.00</subfield>
    <subfield code="y">LIB</subfield>
  </datafield>
  <datafield tag="952" ind1=" " ind2=" ">
    <subfield code="1">0</subfield>
    <subfield code="2">lcc</subfield>
    <subfield code="4">0</subfield>
    <subfield code="7">0</subfield>
    <subfield code="a">POS-042</subfield>
    <subfield code="b">POS-042</subfield>
    <subfield code="c">CONSULTA</subfield>
    <subfield code="d">2019-08-21</subfield>
    <subfield code="f">5a ed.</subfield>
    <subfield code="h">V.3</subfield>
    <subfield code="i">D</subfield>
    <subfield code="k">CSA</subfield>
    <subfield code="o">K230 B53 r2004</subfield>
    <subfield code="p">BPD000000771</subfield>
    <subfield code="r">2019-08-21 00:00:00</subfield>
    <subfield code="t">1</subfield>
    <subfield code="v">1.00</subfield>
    <subfield code="y">LIB</subfield>
    <subfield code="z">Sexta reimpresi&#xF3;n</subfield>
  </datafield>
  <datafield tag="952" ind1=" " ind2=" ">
    <subfield code="1">0</subfield>
    <subfield code="2">lcc</subfield>
    <subfield code="4">0</subfield>
    <subfield code="7">0</subfield>
    <subfield code="a">POS-042</subfield>
    <subfield code="b">POS-042</subfield>
    <subfield code="c">CONSULTA</subfield>
    <subfield code="d">2019-08-21</subfield>
    <subfield code="f">1a ed.</subfield>
    <subfield code="h">V.3</subfield>
    <subfield code="i">D</subfield>
    <subfield code="k">CSA</subfield>
    <subfield code="o">K230 B53 r2004</subfield>
    <subfield code="p">BPD000000772</subfield>
    <subfield code="r">2019-08-21 00:00:00</subfield>
    <subfield code="t">2</subfield>
    <subfield code="v">1.00</subfield>
    <subfield code="y">LIB</subfield>
    <subfield code="z">Sexta reimpresi&#xF3;n</subfield>
  </datafield>
  <datafield tag="952" ind1=" " ind2=" ">
    <subfield code="1">0</subfield>
    <subfield code="2">lcc</subfield>
    <subfield code="4">0</subfield>
    <subfield code="7">0</subfield>
    <subfield code="a">POS-042</subfield>
    <subfield code="b">POS-042</subfield>
    <subfield code="c">CONSULTA</subfield>
    <subfield code="d">2019-08-21</subfield>
    <subfield code="f">1a ed.</subfield>
    <subfield code="h">V.3</subfield>
    <subfield code="i">D</subfield>
    <subfield code="k">CSA</subfield>
    <subfield code="o">K230 B53 r2004</subfield>
    <subfield code="p">BPD000000773</subfield>
    <subfield code="r">2019-08-21 00:00:00</subfield>
    <subfield code="t">3</subfield>
    <subfield code="v">1.00</subfield>
    <subfield code="y">LIB</subfield>
    <subfield code="z">Sexta reimpresi&#xF3;n</subfield>
  </datafield>
  <datafield tag="952" ind1=" " ind2=" ">
    <subfield code="1">0</subfield>
    <subfield code="2">lcc</subfield>
    <subfield code="4">0</subfield>
    <subfield code="7">0</subfield>
    <subfield code="a">POS-042</subfield>
    <subfield code="b">POS-042</subfield>
    <subfield code="c">CONSULTA</subfield>
    <subfield code="d">2019-08-21</subfield>
    <subfield code="f">1a ed.</subfield>
    <subfield code="h">V.3</subfield>
    <subfield code="i">D</subfield>
    <subfield code="k">CSA</subfield>
    <subfield code="o">K230 B53 r2004</subfield>
    <subfield code="p">BPD000000774</subfield>
    <subfield code="r">2019-08-21 00:00:00</subfield>
    <subfield code="t">4</subfield>
    <subfield code="v">1.00</subfield>
    <subfield code="y">LIB</subfield>
    <subfield code="z">Sexta reimpresi&#xF3;n</subfield>
  </datafield>
  <datafield tag="952" ind1=" " ind2=" ">
    <subfield code="1">0</subfield>
    <subfield code="2">lcc</subfield>
    <subfield code="4">0</subfield>
    <subfield code="7">0</subfield>
    <subfield code="a">POS-042</subfield>
    <subfield code="b">POS-042</subfield>
    <subfield code="c">CONSULTA</subfield>
    <subfield code="d">2019-08-21</subfield>
    <subfield code="f">5a ed.</subfield>
    <subfield code="h">V.3</subfield>
    <subfield code="i">D</subfield>
    <subfield code="k">CSA</subfield>
    <subfield code="o">K230 B53 1999</subfield>
    <subfield code="p">BPD000000775</subfield>
    <subfield code="r">2019-08-21 00:00:00</subfield>
    <subfield code="t">1</subfield>
    <subfield code="v">1.00</subfield>
    <subfield code="y">LIB</subfield>
  </datafield>
  <datafield tag="952" ind1=" " ind2=" ">
    <subfield code="1">0</subfield>
    <subfield code="2">lcc</subfield>
    <subfield code="4">0</subfield>
    <subfield code="7">0</subfield>
    <subfield code="a">POS-042</subfield>
    <subfield code="b">POS-042</subfield>
    <subfield code="c">CONSULTA</subfield>
    <subfield code="d">2019-08-21</subfield>
    <subfield code="f">1a ed.</subfield>
    <subfield code="h">V.4</subfield>
    <subfield code="i">D</subfield>
    <subfield code="k">CSA</subfield>
    <subfield code="o">K230 B53 1991</subfield>
    <subfield code="p">BPD000000776</subfield>
    <subfield code="r">2019-08-21 00:00:00</subfield>
    <subfield code="t">1</subfield>
    <subfield code="v">1.00</subfield>
    <subfield code="y">LIB</subfield>
  </datafield>
  <datafield tag="952" ind1=" " ind2=" ">
    <subfield code="1">0</subfield>
    <subfield code="2">lcc</subfield>
    <subfield code="4">0</subfield>
    <subfield code="7">0</subfield>
    <subfield code="a">POS-042</subfield>
    <subfield code="b">POS-042</subfield>
    <subfield code="c">CONSULTA</subfield>
    <subfield code="d">2019-08-21</subfield>
    <subfield code="f">2a ed.</subfield>
    <subfield code="h">V.4</subfield>
    <subfield code="i">D</subfield>
    <subfield code="k">CSA</subfield>
    <subfield code="o">K230 B53 1993</subfield>
    <subfield code="p">BPD000000777</subfield>
    <subfield code="r">2019-08-21 00:00:00</subfield>
    <subfield code="t">1</subfield>
    <subfield code="v">1.00</subfield>
    <subfield code="y">LIB</subfield>
  </datafield>
  <datafield tag="952" ind1=" " ind2=" ">
    <subfield code="1">0</subfield>
    <subfield code="2">lcc</subfield>
    <subfield code="4">0</subfield>
    <subfield code="7">0</subfield>
    <subfield code="a">POS-042</subfield>
    <subfield code="b">POS-042</subfield>
    <subfield code="c">CONSULTA</subfield>
    <subfield code="d">2019-08-21</subfield>
    <subfield code="f">2a ed.</subfield>
    <subfield code="h">V.5</subfield>
    <subfield code="i">D</subfield>
    <subfield code="k">CSA</subfield>
    <subfield code="o">K230 B53 1993</subfield>
    <subfield code="p">BPD000000778</subfield>
    <subfield code="r">2019-08-21 00:00:00</subfield>
    <subfield code="t">1</subfield>
    <subfield code="v">1.00</subfield>
    <subfield code="y">LIB</subfield>
  </datafield>
  <datafield tag="952" ind1=" " ind2=" ">
    <subfield code="1">0</subfield>
    <subfield code="2">lcc</subfield>
    <subfield code="4">0</subfield>
    <subfield code="7">0</subfield>
    <subfield code="a">POS-042</subfield>
    <subfield code="b">POS-042</subfield>
    <subfield code="c">CONSULTA</subfield>
    <subfield code="d">2019-08-21</subfield>
    <subfield code="f">2a ed.</subfield>
    <subfield code="h">V.5</subfield>
    <subfield code="i">D</subfield>
    <subfield code="k">CSA</subfield>
    <subfield code="o">K230 B53 1998</subfield>
    <subfield code="p">BPD000000779</subfield>
    <subfield code="r">2019-08-21 00:00:00</subfield>
    <subfield code="t">1</subfield>
    <subfield code="v">1.00</subfield>
    <subfield code="y">LIB</subfield>
  </datafield>
  <datafield tag="952" ind1=" " ind2=" ">
    <subfield code="1">0</subfield>
    <subfield code="2">lcc</subfield>
    <subfield code="4">0</subfield>
    <subfield code="7">0</subfield>
    <subfield code="a">POS-042</subfield>
    <subfield code="b">POS-042</subfield>
    <subfield code="c">CONSULTA</subfield>
    <subfield code="d">2019-08-22</subfield>
    <subfield code="f">3a ed.</subfield>
    <subfield code="h">V.6</subfield>
    <subfield code="i">D</subfield>
    <subfield code="k">CSA</subfield>
    <subfield code="o">K230 B53 1997 </subfield>
    <subfield code="p">BPD000000780</subfield>
    <subfield code="r">2019-08-22 00:00:00</subfield>
    <subfield code="t">1</subfield>
    <subfield code="v">1.00</subfield>
    <subfield code="y">LIB</subfield>
  </datafield>
  <datafield tag="952" ind1=" " ind2=" ">
    <subfield code="1">0</subfield>
    <subfield code="2">lcc</subfield>
    <subfield code="4">0</subfield>
    <subfield code="7">0</subfield>
    <subfield code="a">POS-042</subfield>
    <subfield code="b">POS-042</subfield>
    <subfield code="c">CONSULTA</subfield>
    <subfield code="d">2019-08-22</subfield>
    <subfield code="f">3a ed.</subfield>
    <subfield code="h">V.6</subfield>
    <subfield code="i">D</subfield>
    <subfield code="k">CSA</subfield>
    <subfield code="o">K230 B53 1997</subfield>
    <subfield code="p">BPD000000781</subfield>
    <subfield code="r">2019-08-22 00:00:00</subfield>
    <subfield code="t">2</subfield>
    <subfield code="v">1.00</subfield>
    <subfield code="y">LIB</subfield>
  </datafield>
  <datafield tag="952" ind1=" " ind2=" ">
    <subfield code="1">0</subfield>
    <subfield code="2">lcc</subfield>
    <subfield code="4">0</subfield>
    <subfield code="7">0</subfield>
    <subfield code="a">POS-042</subfield>
    <subfield code="b">POS-042</subfield>
    <subfield code="c">CONSULTA</subfield>
    <subfield code="d">2019-08-22</subfield>
    <subfield code="f">3a ed.</subfield>
    <subfield code="h">V.7</subfield>
    <subfield code="i">D</subfield>
    <subfield code="k">CSA</subfield>
    <subfield code="o">K230 B53 1997</subfield>
    <subfield code="p">BPD000000782</subfield>
    <subfield code="r">2019-08-22 00:00:00</subfield>
    <subfield code="t">1</subfield>
    <subfield code="v">1.00</subfield>
    <subfield code="y">LIB</subfield>
  </datafield>
  <datafield tag="952" ind1=" " ind2=" ">
    <subfield code="1">0</subfield>
    <subfield code="2">lcc</subfield>
    <subfield code="4">0</subfield>
    <subfield code="7">0</subfield>
    <subfield code="a">POS-042</subfield>
    <subfield code="b">POS-042</subfield>
    <subfield code="c">CONSULTA</subfield>
    <subfield code="d">2019-08-22</subfield>
    <subfield code="f">3a ed.</subfield>
    <subfield code="h">V.8</subfield>
    <subfield code="i">D</subfield>
    <subfield code="k">CSA</subfield>
    <subfield code="o">K230 B53 1995</subfield>
    <subfield code="p">BPD000000783</subfield>
    <subfield code="r">2019-08-22 00:00:00</subfield>
    <subfield code="t">1</subfield>
    <subfield code="v">1.00</subfield>
    <subfield code="y">LIB</subfield>
  </datafield>
  <datafield tag="952" ind1=" " ind2=" ">
    <subfield code="1">0</subfield>
    <subfield code="2">lcc</subfield>
    <subfield code="4">0</subfield>
    <subfield code="7">0</subfield>
    <subfield code="a">POS-042</subfield>
    <subfield code="b">POS-042</subfield>
    <subfield code="c">CONSULTA</subfield>
    <subfield code="d">2019-08-22</subfield>
    <subfield code="f">3a ed.</subfield>
    <subfield code="h">V.8</subfield>
    <subfield code="i">D</subfield>
    <subfield code="k">CSA</subfield>
    <subfield code="o">K230 B53 1995</subfield>
    <subfield code="p">BPD000000784</subfield>
    <subfield code="r">2019-08-22 00:00:00</subfield>
    <subfield code="t">2</subfield>
    <subfield code="v">1.00</subfield>
    <subfield code="y">LIB</subfield>
  </datafield>
  <datafield tag="952" ind1=" " ind2=" ">
    <subfield code="1">0</subfield>
    <subfield code="2">lcc</subfield>
    <subfield code="4">0</subfield>
    <subfield code="7">0</subfield>
    <subfield code="a">POS-042</subfield>
    <subfield code="b">POS-042</subfield>
    <subfield code="c">CONSULTA</subfield>
    <subfield code="d">2019-08-22</subfield>
    <subfield code="f">2a ed.</subfield>
    <subfield code="h">V.9 </subfield>
    <subfield code="i">D</subfield>
    <subfield code="k">CSA</subfield>
    <subfield code="o">K230 B53 1993</subfield>
    <subfield code="p">BPD000000785</subfield>
    <subfield code="r">2019-08-22 00:00:00</subfield>
    <subfield code="t">1</subfield>
    <subfield code="v">1.00</subfield>
    <subfield code="y">LIB</subfield>
  </datafield>
  <datafield tag="952" ind1=" " ind2=" ">
    <subfield code="1">0</subfield>
    <subfield code="2">lcc</subfield>
    <subfield code="4">0</subfield>
    <subfield code="7">0</subfield>
    <subfield code="a">POS-042</subfield>
    <subfield code="b">POS-042</subfield>
    <subfield code="c">CONSULTA</subfield>
    <subfield code="d">2019-08-22</subfield>
    <subfield code="f">2a ed.</subfield>
    <subfield code="h">V.9 </subfield>
    <subfield code="i">D</subfield>
    <subfield code="k">CSA</subfield>
    <subfield code="o">K230 B53 1993</subfield>
    <subfield code="p">BPD000000786</subfield>
    <subfield code="r">2019-08-22 00:00:00</subfield>
    <subfield code="t">2</subfield>
    <subfield code="v">1.00</subfield>
    <subfield code="y">LIB</subfield>
  </datafield>
  <datafield tag="952" ind1=" " ind2=" ">
    <subfield code="1">0</subfield>
    <subfield code="2">lcc</subfield>
    <subfield code="4">0</subfield>
    <subfield code="7">0</subfield>
    <subfield code="a">POS-042</subfield>
    <subfield code="b">POS-042</subfield>
    <subfield code="c">CONSULTA</subfield>
    <subfield code="d">2019-08-22</subfield>
    <subfield code="f">2a ed.</subfield>
    <subfield code="h">V.10</subfield>
    <subfield code="i">D</subfield>
    <subfield code="k">CSA</subfield>
    <subfield code="o">K230 B53 2000</subfield>
    <subfield code="p">BPD000000787</subfield>
    <subfield code="r">2019-08-22 00:00:00</subfield>
    <subfield code="t">1</subfield>
    <subfield code="v">1.00</subfield>
    <subfield code="y">LIB</subfield>
  </datafield>
  <datafield tag="952" ind1=" " ind2=" ">
    <subfield code="1">0</subfield>
    <subfield code="2">lcc</subfield>
    <subfield code="4">0</subfield>
    <subfield code="7">0</subfield>
    <subfield code="a">POS-042</subfield>
    <subfield code="b">POS-042</subfield>
    <subfield code="c">CONSULTA</subfield>
    <subfield code="d">2019-08-23</subfield>
    <subfield code="f">3a ed.</subfield>
    <subfield code="h">V.14 </subfield>
    <subfield code="i">D</subfield>
    <subfield code="k">CSA</subfield>
    <subfield code="o">K230 B53 1997</subfield>
    <subfield code="p">BPD000000788</subfield>
    <subfield code="r">2019-08-23 00:00:00</subfield>
    <subfield code="t">1</subfield>
    <subfield code="v">1.00</subfield>
    <subfield code="y">LIB</subfield>
  </datafield>
  <datafield tag="952" ind1=" " ind2=" ">
    <subfield code="1">0</subfield>
    <subfield code="2">lcc</subfield>
    <subfield code="4">0</subfield>
    <subfield code="7">0</subfield>
    <subfield code="a">POS-042</subfield>
    <subfield code="b">POS-042</subfield>
    <subfield code="c">CONSULTA</subfield>
    <subfield code="d">2019-08-23</subfield>
    <subfield code="f">3a ed.</subfield>
    <subfield code="h">V.14 </subfield>
    <subfield code="i">D</subfield>
    <subfield code="k">CSA</subfield>
    <subfield code="o">K230 B53 1997</subfield>
    <subfield code="p">BPD000000789</subfield>
    <subfield code="r">2019-08-23 00:00:00</subfield>
    <subfield code="t">2</subfield>
    <subfield code="v">1.00</subfield>
    <subfield code="y">LIB</subfield>
  </datafield>
  <datafield tag="952" ind1=" " ind2=" ">
    <subfield code="1">0</subfield>
    <subfield code="2">lcc</subfield>
    <subfield code="4">0</subfield>
    <subfield code="7">0</subfield>
    <subfield code="a">POS-042</subfield>
    <subfield code="b">POS-042</subfield>
    <subfield code="c">CONSULTA</subfield>
    <subfield code="d">2019-08-23</subfield>
    <subfield code="f">3a ed.</subfield>
    <subfield code="h">V.14 </subfield>
    <subfield code="i">D</subfield>
    <subfield code="k">CSA</subfield>
    <subfield code="o">K230 B53 1997</subfield>
    <subfield code="p">BPD000000790</subfield>
    <subfield code="r">2019-08-23 00:00:00</subfield>
    <subfield code="t">3</subfield>
    <subfield code="v">1.00</subfield>
    <subfield code="y">LIB</subfield>
  </datafield>
  <datafield tag="952" ind1=" " ind2=" ">
    <subfield code="1">0</subfield>
    <subfield code="2">lcc</subfield>
    <subfield code="4">0</subfield>
    <subfield code="7">0</subfield>
    <subfield code="a">POS-042</subfield>
    <subfield code="b">POS-042</subfield>
    <subfield code="c">CONSULTA</subfield>
    <subfield code="d">2019-08-23</subfield>
    <subfield code="f">3a ed.</subfield>
    <subfield code="h">V.14</subfield>
    <subfield code="i">D</subfield>
    <subfield code="k">CSA</subfield>
    <subfield code="o">K230 B53 r2004</subfield>
    <subfield code="p">BPD000000791</subfield>
    <subfield code="r">2019-08-23 00:00:00</subfield>
    <subfield code="t">1</subfield>
    <subfield code="v">1.00</subfield>
    <subfield code="y">LIB</subfield>
  </datafield>
  <datafield tag="952" ind1=" " ind2=" ">
    <subfield code="1">0</subfield>
    <subfield code="2">lcc</subfield>
    <subfield code="4">0</subfield>
    <subfield code="7">0</subfield>
    <subfield code="a">POS-042</subfield>
    <subfield code="b">POS-042</subfield>
    <subfield code="c">CONSULTA</subfield>
    <subfield code="d">2019-08-23</subfield>
    <subfield code="f">6a ed.</subfield>
    <subfield code="h">V.12</subfield>
    <subfield code="i">D</subfield>
    <subfield code="k">CSA</subfield>
    <subfield code="o">K230 B53 1999</subfield>
    <subfield code="p">BPD000000792</subfield>
    <subfield code="r">2019-08-23 00:00:00</subfield>
    <subfield code="t">1</subfield>
    <subfield code="v">1.00</subfield>
    <subfield code="y">LIB</subfield>
  </datafield>
  <datafield tag="952" ind1=" " ind2=" ">
    <subfield code="1">0</subfield>
    <subfield code="2">lcc</subfield>
    <subfield code="4">0</subfield>
    <subfield code="7">0</subfield>
    <subfield code="a">POS-042</subfield>
    <subfield code="b">POS-042</subfield>
    <subfield code="c">CONSULTA</subfield>
    <subfield code="d">2019-08-23</subfield>
    <subfield code="f">1a ed.</subfield>
    <subfield code="h">V.12</subfield>
    <subfield code="i">D</subfield>
    <subfield code="k">CSA</subfield>
    <subfield code="o">K230 B53 r2004</subfield>
    <subfield code="p">BPD000000793</subfield>
    <subfield code="r">2019-08-23 00:00:00</subfield>
    <subfield code="t">1</subfield>
    <subfield code="v">1.00</subfield>
    <subfield code="y">LIB</subfield>
  </datafield>
  <datafield tag="952" ind1=" " ind2=" ">
    <subfield code="1">0</subfield>
    <subfield code="2">lcc</subfield>
    <subfield code="4">0</subfield>
    <subfield code="7">0</subfield>
    <subfield code="a">POS-042</subfield>
    <subfield code="b">POS-042</subfield>
    <subfield code="c">CONSULTA</subfield>
    <subfield code="d">2019-08-23</subfield>
    <subfield code="f">1a ed.</subfield>
    <subfield code="h">V.12</subfield>
    <subfield code="i">D</subfield>
    <subfield code="k">CSA</subfield>
    <subfield code="o">K230 B53 r2004</subfield>
    <subfield code="p">BPD000000794</subfield>
    <subfield code="r">2019-08-23 00:00:00</subfield>
    <subfield code="t">2</subfield>
    <subfield code="v">1.00</subfield>
    <subfield code="y">LIB</subfield>
  </datafield>
  <datafield tag="952" ind1=" " ind2=" ">
    <subfield code="1">0</subfield>
    <subfield code="2">lcc</subfield>
    <subfield code="4">0</subfield>
    <subfield code="7">0</subfield>
    <subfield code="a">POS-042</subfield>
    <subfield code="b">POS-042</subfield>
    <subfield code="c">CONSULTA</subfield>
    <subfield code="d">2019-08-23</subfield>
    <subfield code="f">1a ed.</subfield>
    <subfield code="h">V.12</subfield>
    <subfield code="i">D</subfield>
    <subfield code="k">CSA</subfield>
    <subfield code="o">K230 B53 r2004</subfield>
    <subfield code="p">BPD000000795</subfield>
    <subfield code="r">2019-08-23 00:00:00</subfield>
    <subfield code="t">3</subfield>
    <subfield code="v">1.00</subfield>
    <subfield code="y">LIB</subfield>
  </datafield>
  <datafield tag="952" ind1=" " ind2=" ">
    <subfield code="1">0</subfield>
    <subfield code="2">lcc</subfield>
    <subfield code="4">0</subfield>
    <subfield code="7">0</subfield>
    <subfield code="a">POS-042</subfield>
    <subfield code="b">POS-042</subfield>
    <subfield code="c">CONSULTA</subfield>
    <subfield code="d">2019-08-23</subfield>
    <subfield code="f">1a ed.</subfield>
    <subfield code="h">V.12</subfield>
    <subfield code="i">D</subfield>
    <subfield code="k">CSA</subfield>
    <subfield code="o">K230 B53 r2004</subfield>
    <subfield code="p">BPD000000796</subfield>
    <subfield code="r">2019-08-23 00:00:00</subfield>
    <subfield code="t">4</subfield>
    <subfield code="v">1.00</subfield>
    <subfield code="y">LIB</subfield>
  </datafield>
  <datafield tag="952" ind1=" " ind2=" ">
    <subfield code="1">0</subfield>
    <subfield code="2">lcc</subfield>
    <subfield code="4">0</subfield>
    <subfield code="7">0</subfield>
    <subfield code="a">POS-042</subfield>
    <subfield code="b">POS-042</subfield>
    <subfield code="c">CONSULTA</subfield>
    <subfield code="d">2019-08-23</subfield>
    <subfield code="f">1a ed.</subfield>
    <subfield code="h">V.13</subfield>
    <subfield code="i">D</subfield>
    <subfield code="k">CSA</subfield>
    <subfield code="o">K230 B53 1992</subfield>
    <subfield code="p">BPD000000797</subfield>
    <subfield code="r">2019-08-23 00:00:00</subfield>
    <subfield code="t">1</subfield>
    <subfield code="v">1.00</subfield>
    <subfield code="y">LIB</subfield>
  </datafield>
  <datafield tag="952" ind1=" " ind2=" ">
    <subfield code="1">0</subfield>
    <subfield code="2">lcc</subfield>
    <subfield code="4">0</subfield>
    <subfield code="7">0</subfield>
    <subfield code="a">POS-042</subfield>
    <subfield code="b">POS-042</subfield>
    <subfield code="c">CONSULTA</subfield>
    <subfield code="d">2019-08-23</subfield>
    <subfield code="f">1a ed.</subfield>
    <subfield code="h">V.16</subfield>
    <subfield code="i">D</subfield>
    <subfield code="k">CSA</subfield>
    <subfield code="o">K230 B53 1992</subfield>
    <subfield code="p">BPD000000798</subfield>
    <subfield code="r">2019-08-23 00:00:00</subfield>
    <subfield code="t">1</subfield>
    <subfield code="v">1.00</subfield>
    <subfield code="y">LIB</subfield>
  </datafield>
  <datafield tag="952" ind1=" " ind2=" ">
    <subfield code="1">0</subfield>
    <subfield code="2">lcc</subfield>
    <subfield code="4">0</subfield>
    <subfield code="7">0</subfield>
    <subfield code="a">POS-042</subfield>
    <subfield code="b">POS-042</subfield>
    <subfield code="c">CONSULTA</subfield>
    <subfield code="d">2019-08-23</subfield>
    <subfield code="f">2a ed.</subfield>
    <subfield code="h">V.16</subfield>
    <subfield code="i">D</subfield>
    <subfield code="k">CSA</subfield>
    <subfield code="o">K230 B53 1998</subfield>
    <subfield code="p">BPD000000799</subfield>
    <subfield code="r">2019-08-23 00:00:00</subfield>
    <subfield code="t">1</subfield>
    <subfield code="v">1.00</subfield>
    <subfield code="y">LIB</subfield>
  </datafield>
  <datafield tag="952" ind1=" " ind2=" ">
    <subfield code="1">0</subfield>
    <subfield code="2">lcc</subfield>
    <subfield code="4">0</subfield>
    <subfield code="7">0</subfield>
    <subfield code="a">POS-042</subfield>
    <subfield code="b">POS-042</subfield>
    <subfield code="c">CONSULTA</subfield>
    <subfield code="d">2019-08-23</subfield>
    <subfield code="f">2a ed.</subfield>
    <subfield code="h">V.17</subfield>
    <subfield code="i">D</subfield>
    <subfield code="k">CSA</subfield>
    <subfield code="o">K230 B53 1996</subfield>
    <subfield code="p">BPD000000800</subfield>
    <subfield code="r">2019-08-23 00:00:00</subfield>
    <subfield code="t">1</subfield>
    <subfield code="v">1.00</subfield>
    <subfield code="y">LIB</subfield>
  </datafield>
  <datafield tag="952" ind1=" " ind2=" ">
    <subfield code="1">0</subfield>
    <subfield code="2">lcc</subfield>
    <subfield code="4">0</subfield>
    <subfield code="7">0</subfield>
    <subfield code="a">POS-042</subfield>
    <subfield code="b">POS-042</subfield>
    <subfield code="c">CONSULTA</subfield>
    <subfield code="d">2019-08-28</subfield>
    <subfield code="f">3a ed.</subfield>
    <subfield code="h">V.18</subfield>
    <subfield code="i">D</subfield>
    <subfield code="k">CSA</subfield>
    <subfield code="o">K230 B53 1999</subfield>
    <subfield code="p">BPD000000801</subfield>
    <subfield code="r">2019-08-28 00:00:00</subfield>
    <subfield code="t">1</subfield>
    <subfield code="v">1.00</subfield>
    <subfield code="y">LIB</subfield>
  </datafield>
  <datafield tag="952" ind1=" " ind2=" ">
    <subfield code="1">0</subfield>
    <subfield code="2">lcc</subfield>
    <subfield code="4">0</subfield>
    <subfield code="7">0</subfield>
    <subfield code="a">POS-042</subfield>
    <subfield code="b">POS-042</subfield>
    <subfield code="c">CONSULTA</subfield>
    <subfield code="d">2019-08-28</subfield>
    <subfield code="f">3a ed.</subfield>
    <subfield code="h">V.18</subfield>
    <subfield code="i">D</subfield>
    <subfield code="k">CSA</subfield>
    <subfield code="o">K230 B53 1999</subfield>
    <subfield code="p">BPD000000802</subfield>
    <subfield code="r">2019-08-28 00:00:00</subfield>
    <subfield code="t">2</subfield>
    <subfield code="v">1.00</subfield>
    <subfield code="y">LIB</subfield>
  </datafield>
  <datafield tag="952" ind1=" " ind2=" ">
    <subfield code="1">0</subfield>
    <subfield code="2">lcc</subfield>
    <subfield code="4">0</subfield>
    <subfield code="7">0</subfield>
    <subfield code="a">POS-042</subfield>
    <subfield code="b">POS-042</subfield>
    <subfield code="c">CONSULTA</subfield>
    <subfield code="d">2019-08-28</subfield>
    <subfield code="f">2a ed.</subfield>
    <subfield code="h">V.20</subfield>
    <subfield code="i">D</subfield>
    <subfield code="k">CSA</subfield>
    <subfield code="o">K230 B53 1994 </subfield>
    <subfield code="p">BPD000000803</subfield>
    <subfield code="r">2019-08-28 00:00:00</subfield>
    <subfield code="t">1</subfield>
    <subfield code="v">1.00</subfield>
    <subfield code="y">LIB</subfield>
  </datafield>
  <datafield tag="952" ind1=" " ind2=" ">
    <subfield code="1">0</subfield>
    <subfield code="2">lcc</subfield>
    <subfield code="4">0</subfield>
    <subfield code="7">0</subfield>
    <subfield code="a">POS-042</subfield>
    <subfield code="b">POS-042</subfield>
    <subfield code="c">CONSULTA</subfield>
    <subfield code="d">2019-08-28</subfield>
    <subfield code="f">3a ed.</subfield>
    <subfield code="h">V.20</subfield>
    <subfield code="i">D</subfield>
    <subfield code="k">CSA</subfield>
    <subfield code="o">K230 B53 2001  </subfield>
    <subfield code="p">BPD000000804</subfield>
    <subfield code="r">2019-08-28 00:00:00</subfield>
    <subfield code="t">1</subfield>
    <subfield code="v">1.00</subfield>
    <subfield code="y">LIB</subfield>
  </datafield>
  <datafield tag="952" ind1=" " ind2=" ">
    <subfield code="1">0</subfield>
    <subfield code="2">lcc</subfield>
    <subfield code="4">0</subfield>
    <subfield code="7">0</subfield>
    <subfield code="a">POS-042</subfield>
    <subfield code="b">POS-042</subfield>
    <subfield code="c">CONSULTA</subfield>
    <subfield code="d">2019-08-28</subfield>
    <subfield code="f">3a ed.</subfield>
    <subfield code="h">V.20</subfield>
    <subfield code="i">D</subfield>
    <subfield code="k">CSA</subfield>
    <subfield code="o">K230 B53 2001  </subfield>
    <subfield code="p">BPD000000805</subfield>
    <subfield code="r">2019-08-28 00:00:00</subfield>
    <subfield code="t">2</subfield>
    <subfield code="v">1.00</subfield>
    <subfield code="y">LIB</subfield>
  </datafield>
  <datafield tag="952" ind1=" " ind2=" ">
    <subfield code="1">0</subfield>
    <subfield code="2">lcc</subfield>
    <subfield code="4">0</subfield>
    <subfield code="7">0</subfield>
    <subfield code="a">POS-042</subfield>
    <subfield code="b">POS-042</subfield>
    <subfield code="c">CONSULTA</subfield>
    <subfield code="d">2019-08-28</subfield>
    <subfield code="f">3a ed.</subfield>
    <subfield code="h">V.20</subfield>
    <subfield code="i">D</subfield>
    <subfield code="k">CSA</subfield>
    <subfield code="o">K230 B53 2001  </subfield>
    <subfield code="p">BPD000000806</subfield>
    <subfield code="r">2019-08-28 00:00:00</subfield>
    <subfield code="t">3</subfield>
    <subfield code="v">1.00</subfield>
    <subfield code="y">LIB</subfield>
  </datafield>
  <datafield tag="952" ind1=" " ind2=" ">
    <subfield code="1">0</subfield>
    <subfield code="2">lcc</subfield>
    <subfield code="4">0</subfield>
    <subfield code="7">0</subfield>
    <subfield code="a">POS-042</subfield>
    <subfield code="b">POS-042</subfield>
    <subfield code="c">CONSULTA</subfield>
    <subfield code="d">2019-08-28</subfield>
    <subfield code="f">1a ed.</subfield>
    <subfield code="h">V.21</subfield>
    <subfield code="i">D</subfield>
    <subfield code="k">CSA</subfield>
    <subfield code="o">K230 B53 1992</subfield>
    <subfield code="p">BPD000000807</subfield>
    <subfield code="r">2019-08-28 00:00:00</subfield>
    <subfield code="t">1</subfield>
    <subfield code="v">1.00</subfield>
    <subfield code="y">LIB</subfield>
  </datafield>
  <datafield tag="952" ind1=" " ind2=" ">
    <subfield code="1">0</subfield>
    <subfield code="2">lcc</subfield>
    <subfield code="4">0</subfield>
    <subfield code="7">0</subfield>
    <subfield code="a">POS-042</subfield>
    <subfield code="b">POS-042</subfield>
    <subfield code="c">CONSULTA</subfield>
    <subfield code="d">2019-08-28</subfield>
    <subfield code="f">1a ed.</subfield>
    <subfield code="h">V.22</subfield>
    <subfield code="i">D</subfield>
    <subfield code="k">CSA</subfield>
    <subfield code="o">K230 B53 1993</subfield>
    <subfield code="p">BPD000000808</subfield>
    <subfield code="r">2019-08-28 00:00:00</subfield>
    <subfield code="t">1</subfield>
    <subfield code="v">1.00</subfield>
    <subfield code="y">LIB</subfield>
  </datafield>
  <datafield tag="952" ind1=" " ind2=" ">
    <subfield code="1">0</subfield>
    <subfield code="2">lcc</subfield>
    <subfield code="4">0</subfield>
    <subfield code="7">0</subfield>
    <subfield code="a">POS-042</subfield>
    <subfield code="b">POS-042</subfield>
    <subfield code="c">CONSULTA</subfield>
    <subfield code="d">2019-08-28</subfield>
    <subfield code="f">2a ed.</subfield>
    <subfield code="h">V.22</subfield>
    <subfield code="i">D</subfield>
    <subfield code="k">CSA</subfield>
    <subfield code="o">K230 B53 1996</subfield>
    <subfield code="p">BPD000000809</subfield>
    <subfield code="r">2019-08-28 00:00:00</subfield>
    <subfield code="t">1</subfield>
    <subfield code="v">1.00</subfield>
    <subfield code="y">LIB</subfield>
  </datafield>
  <datafield tag="952" ind1=" " ind2=" ">
    <subfield code="1">0</subfield>
    <subfield code="2">lcc</subfield>
    <subfield code="4">0</subfield>
    <subfield code="7">0</subfield>
    <subfield code="a">POS-042</subfield>
    <subfield code="b">POS-042</subfield>
    <subfield code="c">CONSULTA</subfield>
    <subfield code="d">2019-08-28</subfield>
    <subfield code="f">2a ed.</subfield>
    <subfield code="h">V.22</subfield>
    <subfield code="i">D</subfield>
    <subfield code="k">CSA</subfield>
    <subfield code="o">K230 B53 r2003</subfield>
    <subfield code="p">BPD000000810</subfield>
    <subfield code="r">2019-08-28 00:00:00</subfield>
    <subfield code="t">2</subfield>
    <subfield code="v">1.00</subfield>
    <subfield code="y">LIB</subfield>
  </datafield>
  <datafield tag="952" ind1=" " ind2=" ">
    <subfield code="1">0</subfield>
    <subfield code="2">lcc</subfield>
    <subfield code="4">0</subfield>
    <subfield code="7">0</subfield>
    <subfield code="a">POS-042</subfield>
    <subfield code="b">POS-042</subfield>
    <subfield code="c">CONSULTA</subfield>
    <subfield code="d">2019-08-28</subfield>
    <subfield code="f">2a ed.</subfield>
    <subfield code="h">V.22</subfield>
    <subfield code="i">D</subfield>
    <subfield code="k">CSA</subfield>
    <subfield code="o">K230 B53 r2003</subfield>
    <subfield code="p">BPD000000811</subfield>
    <subfield code="r">2019-08-28 00:00:00</subfield>
    <subfield code="t">3</subfield>
    <subfield code="v">1.00</subfield>
    <subfield code="y">LIB</subfield>
  </datafield>
  <datafield tag="952" ind1=" " ind2=" ">
    <subfield code="1">0</subfield>
    <subfield code="2">lcc</subfield>
    <subfield code="4">0</subfield>
    <subfield code="7">0</subfield>
    <subfield code="a">POS-042</subfield>
    <subfield code="b">POS-042</subfield>
    <subfield code="c">CONSULTA</subfield>
    <subfield code="d">2019-08-28</subfield>
    <subfield code="f">2a ed.</subfield>
    <subfield code="h">V.23</subfield>
    <subfield code="i">D</subfield>
    <subfield code="k">CSA</subfield>
    <subfield code="o">K230 B53 1998 </subfield>
    <subfield code="p">BPD000000812</subfield>
    <subfield code="r">2019-08-28 00:00:00</subfield>
    <subfield code="t">1</subfield>
    <subfield code="v">1.00</subfield>
    <subfield code="y">LIB</subfield>
  </datafield>
  <datafield tag="952" ind1=" " ind2=" ">
    <subfield code="1">0</subfield>
    <subfield code="2">lcc</subfield>
    <subfield code="4">0</subfield>
    <subfield code="7">0</subfield>
    <subfield code="a">POS-042</subfield>
    <subfield code="b">POS-042</subfield>
    <subfield code="c">CONSULTA</subfield>
    <subfield code="d">2019-08-28</subfield>
    <subfield code="f">1a ed.</subfield>
    <subfield code="h">V.24 </subfield>
    <subfield code="i">D</subfield>
    <subfield code="k">CSA</subfield>
    <subfield code="o">K230 B53 1993</subfield>
    <subfield code="p">BPD000000813</subfield>
    <subfield code="r">2019-08-28 00:00:00</subfield>
    <subfield code="t">1</subfield>
    <subfield code="v">1.00</subfield>
    <subfield code="y">LIB</subfield>
  </datafield>
  <datafield tag="952" ind1=" " ind2=" ">
    <subfield code="1">0</subfield>
    <subfield code="2">lcc</subfield>
    <subfield code="4">0</subfield>
    <subfield code="7">0</subfield>
    <subfield code="a">POS-042</subfield>
    <subfield code="b">POS-042</subfield>
    <subfield code="c">CONSULTA</subfield>
    <subfield code="d">2019-08-28</subfield>
    <subfield code="f">2a ed.</subfield>
    <subfield code="h">V.24 </subfield>
    <subfield code="i">D</subfield>
    <subfield code="k">CSA</subfield>
    <subfield code="o">K230 B53 1997</subfield>
    <subfield code="p">BPD000000814</subfield>
    <subfield code="r">2019-08-28 00:00:00</subfield>
    <subfield code="t">1</subfield>
    <subfield code="v">1.00</subfield>
    <subfield code="y">LIB</subfield>
  </datafield>
  <datafield tag="952" ind1=" " ind2=" ">
    <subfield code="1">0</subfield>
    <subfield code="2">lcc</subfield>
    <subfield code="4">0</subfield>
    <subfield code="7">0</subfield>
    <subfield code="a">POS-042</subfield>
    <subfield code="b">POS-042</subfield>
    <subfield code="c">CONSULTA</subfield>
    <subfield code="d">2019-08-29</subfield>
    <subfield code="f">2a ed.</subfield>
    <subfield code="h">V.25</subfield>
    <subfield code="i">D</subfield>
    <subfield code="k">CSA</subfield>
    <subfield code="o">K230 B53 1995 </subfield>
    <subfield code="p">BPD000000815</subfield>
    <subfield code="r">2019-08-29 00:00:00</subfield>
    <subfield code="t">1</subfield>
    <subfield code="v">1.00</subfield>
    <subfield code="y">LIB</subfield>
  </datafield>
  <datafield tag="952" ind1=" " ind2=" ">
    <subfield code="1">0</subfield>
    <subfield code="2">lcc</subfield>
    <subfield code="4">0</subfield>
    <subfield code="7">0</subfield>
    <subfield code="a">POS-042</subfield>
    <subfield code="b">POS-042</subfield>
    <subfield code="c">CONSULTA</subfield>
    <subfield code="d">2019-08-29</subfield>
    <subfield code="f">3a ed.</subfield>
    <subfield code="h">V.25</subfield>
    <subfield code="i">D</subfield>
    <subfield code="k">CSA</subfield>
    <subfield code="o">K230 B53 1999</subfield>
    <subfield code="p">BPD000000816</subfield>
    <subfield code="r">2019-08-29 00:00:00</subfield>
    <subfield code="t">1</subfield>
    <subfield code="v">1.00</subfield>
    <subfield code="y">LIB</subfield>
  </datafield>
  <datafield tag="952" ind1=" " ind2=" ">
    <subfield code="1">0</subfield>
    <subfield code="2">lcc</subfield>
    <subfield code="4">0</subfield>
    <subfield code="7">0</subfield>
    <subfield code="a">POS-042</subfield>
    <subfield code="b">POS-042</subfield>
    <subfield code="c">CONSULTA</subfield>
    <subfield code="d">2019-08-29</subfield>
    <subfield code="f">3a ed.</subfield>
    <subfield code="h">V.25</subfield>
    <subfield code="i">D</subfield>
    <subfield code="k">CSA</subfield>
    <subfield code="o">K230 B53 r2003</subfield>
    <subfield code="p">BPD000000817</subfield>
    <subfield code="r">2019-08-29 00:00:00</subfield>
    <subfield code="t">1</subfield>
    <subfield code="v">1.00</subfield>
    <subfield code="y">LIB</subfield>
  </datafield>
  <datafield tag="952" ind1=" " ind2=" ">
    <subfield code="1">0</subfield>
    <subfield code="2">lcc</subfield>
    <subfield code="4">0</subfield>
    <subfield code="7">0</subfield>
    <subfield code="a">POS-042</subfield>
    <subfield code="b">POS-042</subfield>
    <subfield code="c">CONSULTA</subfield>
    <subfield code="d">2019-08-29</subfield>
    <subfield code="f">1a ed.</subfield>
    <subfield code="h">V.26</subfield>
    <subfield code="i">D</subfield>
    <subfield code="k">CSA</subfield>
    <subfield code="o">K230 B53 1993 </subfield>
    <subfield code="p">BPD000000818</subfield>
    <subfield code="r">2019-08-29 00:00:00</subfield>
    <subfield code="t">1</subfield>
    <subfield code="v">1.00</subfield>
    <subfield code="y">LIB</subfield>
  </datafield>
  <datafield tag="952" ind1=" " ind2=" ">
    <subfield code="1">0</subfield>
    <subfield code="2">lcc</subfield>
    <subfield code="4">0</subfield>
    <subfield code="7">0</subfield>
    <subfield code="a">POS-042</subfield>
    <subfield code="b">POS-042</subfield>
    <subfield code="c">CONSULTA</subfield>
    <subfield code="d">2019-08-29</subfield>
    <subfield code="f">1a ed.</subfield>
    <subfield code="h">V.27</subfield>
    <subfield code="i">D</subfield>
    <subfield code="k">CSA</subfield>
    <subfield code="o">K230 B53 1994</subfield>
    <subfield code="p">BPD000000819</subfield>
    <subfield code="r">2019-08-29 00:00:00</subfield>
    <subfield code="t">1</subfield>
    <subfield code="v">1.00</subfield>
    <subfield code="y">LIB</subfield>
  </datafield>
  <datafield tag="952" ind1=" " ind2=" ">
    <subfield code="1">0</subfield>
    <subfield code="2">lcc</subfield>
    <subfield code="4">0</subfield>
    <subfield code="7">0</subfield>
    <subfield code="a">POS-042</subfield>
    <subfield code="b">POS-042</subfield>
    <subfield code="c">CONSULTA</subfield>
    <subfield code="d">2019-08-29</subfield>
    <subfield code="f">1a ed.</subfield>
    <subfield code="h">V.27</subfield>
    <subfield code="i">D</subfield>
    <subfield code="k">CSA</subfield>
    <subfield code="o">K230 B53 1994</subfield>
    <subfield code="p">BPD000000820</subfield>
    <subfield code="r">2019-08-29 00:00:00</subfield>
    <subfield code="t">2</subfield>
    <subfield code="v">1.00</subfield>
    <subfield code="y">LIB</subfield>
  </datafield>
  <datafield tag="952" ind1=" " ind2=" ">
    <subfield code="1">0</subfield>
    <subfield code="2">lcc</subfield>
    <subfield code="4">0</subfield>
    <subfield code="7">0</subfield>
    <subfield code="a">POS-042</subfield>
    <subfield code="b">POS-042</subfield>
    <subfield code="c">CONSULTA</subfield>
    <subfield code="d">2019-08-29</subfield>
    <subfield code="f">1a ed.</subfield>
    <subfield code="h">V.27</subfield>
    <subfield code="i">D</subfield>
    <subfield code="k">CSA</subfield>
    <subfield code="o">K230 B53 1994</subfield>
    <subfield code="p">BPD000000821</subfield>
    <subfield code="r">2019-08-29 00:00:00</subfield>
    <subfield code="t">3</subfield>
    <subfield code="v">1.00</subfield>
    <subfield code="y">LIB</subfield>
  </datafield>
  <datafield tag="952" ind1=" " ind2=" ">
    <subfield code="1">0</subfield>
    <subfield code="2">lcc</subfield>
    <subfield code="4">0</subfield>
    <subfield code="7">0</subfield>
    <subfield code="a">POS-042</subfield>
    <subfield code="b">POS-042</subfield>
    <subfield code="c">CONSULTA</subfield>
    <subfield code="d">2019-08-29</subfield>
    <subfield code="f">2a ed.</subfield>
    <subfield code="h">V.28</subfield>
    <subfield code="i">D</subfield>
    <subfield code="k">CSA</subfield>
    <subfield code="o">K230 B53 1997</subfield>
    <subfield code="p">BPD000000822</subfield>
    <subfield code="r">2019-08-29 00:00:00</subfield>
    <subfield code="t">1</subfield>
    <subfield code="v">1.00</subfield>
    <subfield code="y">LIB</subfield>
  </datafield>
  <datafield tag="952" ind1=" " ind2=" ">
    <subfield code="1">0</subfield>
    <subfield code="2">lcc</subfield>
    <subfield code="4">0</subfield>
    <subfield code="7">0</subfield>
    <subfield code="a">POS-042</subfield>
    <subfield code="b">POS-042</subfield>
    <subfield code="c">CONSULTA</subfield>
    <subfield code="d">2019-08-29</subfield>
    <subfield code="f">2a ed.</subfield>
    <subfield code="h">V.28</subfield>
    <subfield code="i">D</subfield>
    <subfield code="k">CSA</subfield>
    <subfield code="o">K230 B53 1997</subfield>
    <subfield code="p">BPD000000823</subfield>
    <subfield code="r">2019-08-29 00:00:00</subfield>
    <subfield code="t">2</subfield>
    <subfield code="v">1.00</subfield>
    <subfield code="y">LIB</subfield>
  </datafield>
  <datafield tag="952" ind1=" " ind2=" ">
    <subfield code="1">0</subfield>
    <subfield code="2">lcc</subfield>
    <subfield code="4">0</subfield>
    <subfield code="7">0</subfield>
    <subfield code="a">POS-042</subfield>
    <subfield code="b">POS-042</subfield>
    <subfield code="c">CONSULTA</subfield>
    <subfield code="d">2019-08-29</subfield>
    <subfield code="f">3a ed.</subfield>
    <subfield code="h">V.28</subfield>
    <subfield code="i">D</subfield>
    <subfield code="k">CSA</subfield>
    <subfield code="o">K230 B53 2001</subfield>
    <subfield code="p">BPD000000824</subfield>
    <subfield code="r">2019-08-29 00:00:00</subfield>
    <subfield code="t">1</subfield>
    <subfield code="v">1.00</subfield>
    <subfield code="y">LIB</subfield>
  </datafield>
  <datafield tag="952" ind1=" " ind2=" ">
    <subfield code="1">0</subfield>
    <subfield code="2">lcc</subfield>
    <subfield code="4">0</subfield>
    <subfield code="7">0</subfield>
    <subfield code="a">POS-042</subfield>
    <subfield code="b">POS-042</subfield>
    <subfield code="c">CONSULTA</subfield>
    <subfield code="d">2019-08-29</subfield>
    <subfield code="f">3a ed.</subfield>
    <subfield code="h">V.28</subfield>
    <subfield code="i">D</subfield>
    <subfield code="k">CSA</subfield>
    <subfield code="o">K230 B53 2001</subfield>
    <subfield code="p">BPD000000825</subfield>
    <subfield code="r">2019-08-29 00:00:00</subfield>
    <subfield code="t">2</subfield>
    <subfield code="v">1.00</subfield>
    <subfield code="y">LIB</subfield>
  </datafield>
  <datafield tag="952" ind1=" " ind2=" ">
    <subfield code="1">0</subfield>
    <subfield code="2">lcc</subfield>
    <subfield code="4">0</subfield>
    <subfield code="7">0</subfield>
    <subfield code="a">POS-042</subfield>
    <subfield code="b">POS-042</subfield>
    <subfield code="c">CONSULTA</subfield>
    <subfield code="d">2019-08-30</subfield>
    <subfield code="f">2a ed.</subfield>
    <subfield code="h">V.29</subfield>
    <subfield code="i">D</subfield>
    <subfield code="k">CSA</subfield>
    <subfield code="o">K230 B53 1998 </subfield>
    <subfield code="p">BPD000000826</subfield>
    <subfield code="r">2019-08-30 00:00:00</subfield>
    <subfield code="t">1</subfield>
    <subfield code="v">1.00</subfield>
    <subfield code="y">LIB</subfield>
  </datafield>
  <datafield tag="952" ind1=" " ind2=" ">
    <subfield code="1">0</subfield>
    <subfield code="2">lcc</subfield>
    <subfield code="4">0</subfield>
    <subfield code="7">0</subfield>
    <subfield code="a">POS-042</subfield>
    <subfield code="b">POS-042</subfield>
    <subfield code="c">CONSULTA</subfield>
    <subfield code="d">2019-08-30</subfield>
    <subfield code="f">2a ed.</subfield>
    <subfield code="h">V.30</subfield>
    <subfield code="i">D</subfield>
    <subfield code="k">CSA</subfield>
    <subfield code="o">K230 B53 1998</subfield>
    <subfield code="p">BPD000000827</subfield>
    <subfield code="r">2019-08-30 00:00:00</subfield>
    <subfield code="t">1</subfield>
    <subfield code="v">1.00</subfield>
    <subfield code="y">LIB</subfield>
  </datafield>
  <datafield tag="952" ind1=" " ind2=" ">
    <subfield code="1">0</subfield>
    <subfield code="2">lcc</subfield>
    <subfield code="4">0</subfield>
    <subfield code="7">0</subfield>
    <subfield code="a">POS-042</subfield>
    <subfield code="b">POS-042</subfield>
    <subfield code="c">CONSULTA</subfield>
    <subfield code="d">2019-08-30</subfield>
    <subfield code="f">2a ed.</subfield>
    <subfield code="h">V.30</subfield>
    <subfield code="i">D</subfield>
    <subfield code="k">CSA</subfield>
    <subfield code="o">K230 B53 1998</subfield>
    <subfield code="p">BPD000000828</subfield>
    <subfield code="r">2019-08-30 00:00:00</subfield>
    <subfield code="t">2</subfield>
    <subfield code="v">1.00</subfield>
    <subfield code="y">LIB</subfield>
  </datafield>
  <datafield tag="952" ind1=" " ind2=" ">
    <subfield code="1">0</subfield>
    <subfield code="2">lcc</subfield>
    <subfield code="4">0</subfield>
    <subfield code="7">0</subfield>
    <subfield code="a">POS-042</subfield>
    <subfield code="b">POS-042</subfield>
    <subfield code="c">CONSULTA</subfield>
    <subfield code="d">2019-08-30</subfield>
    <subfield code="f">1a ed.</subfield>
    <subfield code="h">V.31</subfield>
    <subfield code="i">D</subfield>
    <subfield code="k">CSA</subfield>
    <subfield code="o">K230 B53 1996</subfield>
    <subfield code="p">BPD000000829</subfield>
    <subfield code="r">2019-08-30 00:00:00</subfield>
    <subfield code="t">1</subfield>
    <subfield code="v">1.00</subfield>
    <subfield code="y">LIB</subfield>
  </datafield>
  <datafield tag="952" ind1=" " ind2=" ">
    <subfield code="1">0</subfield>
    <subfield code="2">lcc</subfield>
    <subfield code="4">0</subfield>
    <subfield code="7">0</subfield>
    <subfield code="a">POS-042</subfield>
    <subfield code="b">POS-042</subfield>
    <subfield code="c">CONSULTA</subfield>
    <subfield code="d">2019-08-30</subfield>
    <subfield code="f">1a ed.</subfield>
    <subfield code="h">V.32</subfield>
    <subfield code="i">D</subfield>
    <subfield code="k">CSA</subfield>
    <subfield code="o">K230 B53 1993</subfield>
    <subfield code="p">BPD000000830</subfield>
    <subfield code="r">2019-08-30 00:00:00</subfield>
    <subfield code="t">1</subfield>
    <subfield code="v">1.00</subfield>
    <subfield code="y">LIB</subfield>
  </datafield>
  <datafield tag="952" ind1=" " ind2=" ">
    <subfield code="1">0</subfield>
    <subfield code="2">lcc</subfield>
    <subfield code="4">0</subfield>
    <subfield code="7">0</subfield>
    <subfield code="a">POS-042</subfield>
    <subfield code="b">POS-042</subfield>
    <subfield code="c">CONSULTA</subfield>
    <subfield code="d">2019-08-30</subfield>
    <subfield code="f">2a ed.</subfield>
    <subfield code="h">V.32</subfield>
    <subfield code="i">D</subfield>
    <subfield code="k">CSA</subfield>
    <subfield code="o">K230 B53 1998</subfield>
    <subfield code="p">BPD000000831</subfield>
    <subfield code="r">2019-08-30 00:00:00</subfield>
    <subfield code="t">1</subfield>
    <subfield code="v">1.00</subfield>
    <subfield code="y">LIB</subfield>
  </datafield>
  <datafield tag="952" ind1=" " ind2=" ">
    <subfield code="1">0</subfield>
    <subfield code="2">lcc</subfield>
    <subfield code="4">0</subfield>
    <subfield code="7">0</subfield>
    <subfield code="a">POS-042</subfield>
    <subfield code="b">POS-042</subfield>
    <subfield code="c">CONSULTA</subfield>
    <subfield code="d">2019-08-30</subfield>
    <subfield code="f">1a ed.</subfield>
    <subfield code="h">V.33</subfield>
    <subfield code="i">D</subfield>
    <subfield code="k">CSA</subfield>
    <subfield code="o">K230 B53 1993 V.33 </subfield>
    <subfield code="p">BPD000000832</subfield>
    <subfield code="r">2019-08-30 00:00:00</subfield>
    <subfield code="t">1</subfield>
    <subfield code="v">1.00</subfield>
    <subfield code="y">LIB</subfield>
  </datafield>
  <datafield tag="952" ind1=" " ind2=" ">
    <subfield code="1">0</subfield>
    <subfield code="2">lcc</subfield>
    <subfield code="4">0</subfield>
    <subfield code="7">0</subfield>
    <subfield code="a">POS-042</subfield>
    <subfield code="b">POS-042</subfield>
    <subfield code="c">CONSULTA</subfield>
    <subfield code="d">2019-08-30</subfield>
    <subfield code="f">1a ed.</subfield>
    <subfield code="h">V.33</subfield>
    <subfield code="i">D</subfield>
    <subfield code="k">CSA</subfield>
    <subfield code="o">K230 B53 1993 V.33 </subfield>
    <subfield code="p">BPD000000833</subfield>
    <subfield code="r">2019-08-30 00:00:00</subfield>
    <subfield code="t">2</subfield>
    <subfield code="v">1.00</subfield>
    <subfield code="y">LIB</subfield>
  </datafield>
  <datafield tag="952" ind1=" " ind2=" ">
    <subfield code="1">0</subfield>
    <subfield code="2">lcc</subfield>
    <subfield code="4">0</subfield>
    <subfield code="7">0</subfield>
    <subfield code="a">POS-042</subfield>
    <subfield code="b">POS-042</subfield>
    <subfield code="c">CONSULTA</subfield>
    <subfield code="d">2019-08-30</subfield>
    <subfield code="f">1a ed.</subfield>
    <subfield code="h">V.34</subfield>
    <subfield code="i">D</subfield>
    <subfield code="k">CSA</subfield>
    <subfield code="o">K230 B53 1994</subfield>
    <subfield code="p">BPD000000834</subfield>
    <subfield code="r">2019-08-30 00:00:00</subfield>
    <subfield code="t">1</subfield>
    <subfield code="v">1.00</subfield>
    <subfield code="y">LIB</subfield>
  </datafield>
  <datafield tag="952" ind1=" " ind2=" ">
    <subfield code="1">0</subfield>
    <subfield code="2">lcc</subfield>
    <subfield code="4">0</subfield>
    <subfield code="7">0</subfield>
    <subfield code="a">POS-042</subfield>
    <subfield code="b">POS-042</subfield>
    <subfield code="c">CONSULTA</subfield>
    <subfield code="d">2019-08-30</subfield>
    <subfield code="f">1a ed.</subfield>
    <subfield code="h">V.35</subfield>
    <subfield code="i">D</subfield>
    <subfield code="k">CSA</subfield>
    <subfield code="o">K230 B53 1996</subfield>
    <subfield code="p">BPD000000835</subfield>
    <subfield code="r">2019-08-30 00:00:00</subfield>
    <subfield code="t">1</subfield>
    <subfield code="v">1.00</subfield>
    <subfield code="y">LIB</subfield>
  </datafield>
  <datafield tag="952" ind1=" " ind2=" ">
    <subfield code="1">0</subfield>
    <subfield code="2">lcc</subfield>
    <subfield code="4">0</subfield>
    <subfield code="7">0</subfield>
    <subfield code="a">POS-042</subfield>
    <subfield code="b">POS-042</subfield>
    <subfield code="c">CONSULTA</subfield>
    <subfield code="d">2019-09-02</subfield>
    <subfield code="f">1a ed.</subfield>
    <subfield code="h">V.36</subfield>
    <subfield code="i">D</subfield>
    <subfield code="k">CSA</subfield>
    <subfield code="o">k230 B53 1994 </subfield>
    <subfield code="p">BPD000000836</subfield>
    <subfield code="r">2019-09-02 00:00:00</subfield>
    <subfield code="t">1</subfield>
    <subfield code="v">1.00</subfield>
    <subfield code="y">LIB</subfield>
  </datafield>
  <datafield tag="952" ind1=" " ind2=" ">
    <subfield code="1">0</subfield>
    <subfield code="2">lcc</subfield>
    <subfield code="4">0</subfield>
    <subfield code="7">0</subfield>
    <subfield code="a">POS-042</subfield>
    <subfield code="b">POS-042</subfield>
    <subfield code="c">CONSULTA</subfield>
    <subfield code="d">2019-09-02</subfield>
    <subfield code="f">2a ed.</subfield>
    <subfield code="h">V.36</subfield>
    <subfield code="i">D</subfield>
    <subfield code="k">CSA</subfield>
    <subfield code="o">K230 B53 2000</subfield>
    <subfield code="p">BPD000000837</subfield>
    <subfield code="r">2019-09-02 00:00:00</subfield>
    <subfield code="t">1</subfield>
    <subfield code="v">1.00</subfield>
    <subfield code="y">LIB</subfield>
  </datafield>
  <datafield tag="952" ind1=" " ind2=" ">
    <subfield code="1">0</subfield>
    <subfield code="2">lcc</subfield>
    <subfield code="4">0</subfield>
    <subfield code="7">0</subfield>
    <subfield code="a">POS-042</subfield>
    <subfield code="b">POS-042</subfield>
    <subfield code="c">CONSULTA</subfield>
    <subfield code="d">2019-09-02</subfield>
    <subfield code="f">1a ed.</subfield>
    <subfield code="h">V.37</subfield>
    <subfield code="i">D</subfield>
    <subfield code="k">CSA</subfield>
    <subfield code="o">K230 B53 1994 </subfield>
    <subfield code="p">BPD000000838</subfield>
    <subfield code="r">2019-09-02 00:00:00</subfield>
    <subfield code="t">1</subfield>
    <subfield code="v">1.00</subfield>
    <subfield code="y">LIB</subfield>
  </datafield>
  <datafield tag="952" ind1=" " ind2=" ">
    <subfield code="1">0</subfield>
    <subfield code="2">lcc</subfield>
    <subfield code="4">0</subfield>
    <subfield code="7">0</subfield>
    <subfield code="a">POS-042</subfield>
    <subfield code="b">POS-042</subfield>
    <subfield code="c">CONSULTA</subfield>
    <subfield code="d">2019-09-02</subfield>
    <subfield code="f">2a ed.</subfield>
    <subfield code="h">V.37</subfield>
    <subfield code="i">D</subfield>
    <subfield code="k">CSA</subfield>
    <subfield code="o">K230 B53 2000</subfield>
    <subfield code="p">BPD000000839</subfield>
    <subfield code="r">2019-09-02 00:00:00</subfield>
    <subfield code="t">1</subfield>
    <subfield code="v">1.00</subfield>
    <subfield code="y">LIB</subfield>
  </datafield>
  <datafield tag="952" ind1=" " ind2=" ">
    <subfield code="1">0</subfield>
    <subfield code="2">lcc</subfield>
    <subfield code="4">0</subfield>
    <subfield code="7">0</subfield>
    <subfield code="a">POS-042</subfield>
    <subfield code="b">POS-042</subfield>
    <subfield code="c">CONSULTA</subfield>
    <subfield code="d">2019-09-02</subfield>
    <subfield code="f">1a ed.</subfield>
    <subfield code="h">V.39</subfield>
    <subfield code="i">D</subfield>
    <subfield code="k">CSA</subfield>
    <subfield code="o">K230 B53 1997</subfield>
    <subfield code="p">BPD000000840</subfield>
    <subfield code="r">2019-09-02 00:00:00</subfield>
    <subfield code="t">1</subfield>
    <subfield code="v">1.00</subfield>
    <subfield code="y">LIB</subfield>
  </datafield>
  <datafield tag="952" ind1=" " ind2=" ">
    <subfield code="1">0</subfield>
    <subfield code="2">lcc</subfield>
    <subfield code="4">0</subfield>
    <subfield code="7">0</subfield>
    <subfield code="a">POS-042</subfield>
    <subfield code="b">POS-042</subfield>
    <subfield code="c">CONSULTA</subfield>
    <subfield code="d">2019-09-02</subfield>
    <subfield code="f">1a ed.</subfield>
    <subfield code="h">V.40</subfield>
    <subfield code="i">D</subfield>
    <subfield code="k">CSA</subfield>
    <subfield code="o">K230 B53 1995 </subfield>
    <subfield code="p">BPD000000841</subfield>
    <subfield code="r">2019-09-02 00:00:00</subfield>
    <subfield code="t">1</subfield>
    <subfield code="v">1.00</subfield>
    <subfield code="y">LIB</subfield>
  </datafield>
  <datafield tag="952" ind1=" " ind2=" ">
    <subfield code="1">0</subfield>
    <subfield code="2">lcc</subfield>
    <subfield code="4">0</subfield>
    <subfield code="7">0</subfield>
    <subfield code="a">POS-042</subfield>
    <subfield code="b">POS-042</subfield>
    <subfield code="c">CONSULTA</subfield>
    <subfield code="d">2019-09-02</subfield>
    <subfield code="f">1a ed.</subfield>
    <subfield code="h">V.40</subfield>
    <subfield code="i">D</subfield>
    <subfield code="k">CSA</subfield>
    <subfield code="o">K230 B53 1995 </subfield>
    <subfield code="p">BPD000000842</subfield>
    <subfield code="r">2019-09-02 00:00:00</subfield>
    <subfield code="t">2</subfield>
    <subfield code="v">1.00</subfield>
    <subfield code="y">LIB</subfield>
  </datafield>
  <datafield tag="952" ind1=" " ind2=" ">
    <subfield code="1">0</subfield>
    <subfield code="2">lcc</subfield>
    <subfield code="4">0</subfield>
    <subfield code="7">0</subfield>
    <subfield code="a">POS-042</subfield>
    <subfield code="b">POS-042</subfield>
    <subfield code="c">CONSULTA</subfield>
    <subfield code="d">2019-09-02</subfield>
    <subfield code="f">1a ed.</subfield>
    <subfield code="h">V.42</subfield>
    <subfield code="i">D</subfield>
    <subfield code="k">CSA</subfield>
    <subfield code="o">K230 B53 1994 </subfield>
    <subfield code="p">BPD000000843</subfield>
    <subfield code="r">2019-09-02 00:00:00</subfield>
    <subfield code="t">1</subfield>
    <subfield code="v">1.00</subfield>
    <subfield code="y">LIB</subfield>
  </datafield>
  <datafield tag="952" ind1=" " ind2=" ">
    <subfield code="1">0</subfield>
    <subfield code="2">lcc</subfield>
    <subfield code="4">0</subfield>
    <subfield code="7">0</subfield>
    <subfield code="a">POS-042</subfield>
    <subfield code="b">POS-042</subfield>
    <subfield code="c">CONSULTA</subfield>
    <subfield code="d">2019-09-02</subfield>
    <subfield code="f">1a ed.</subfield>
    <subfield code="h">V.42</subfield>
    <subfield code="i">D</subfield>
    <subfield code="k">CSA</subfield>
    <subfield code="o">K230 B53 1994 </subfield>
    <subfield code="p">BPD000000844</subfield>
    <subfield code="r">2019-09-02 00:00:00</subfield>
    <subfield code="t">2</subfield>
    <subfield code="v">1.00</subfield>
    <subfield code="y">LIB</subfield>
  </datafield>
  <datafield tag="952" ind1=" " ind2=" ">
    <subfield code="1">0</subfield>
    <subfield code="2">lcc</subfield>
    <subfield code="4">0</subfield>
    <subfield code="7">0</subfield>
    <subfield code="a">POS-042</subfield>
    <subfield code="b">POS-042</subfield>
    <subfield code="c">CONSULTA</subfield>
    <subfield code="d">2019-09-03</subfield>
    <subfield code="f">2a ed.</subfield>
    <subfield code="h">V.43</subfield>
    <subfield code="i">D</subfield>
    <subfield code="k">CSA</subfield>
    <subfield code="o">K230 B53 1997 </subfield>
    <subfield code="p">BPD000000845</subfield>
    <subfield code="r">2019-09-03 00:00:00</subfield>
    <subfield code="t">1</subfield>
    <subfield code="v">1.00</subfield>
    <subfield code="y">LIB</subfield>
  </datafield>
  <datafield tag="952" ind1=" " ind2=" ">
    <subfield code="1">0</subfield>
    <subfield code="2">lcc</subfield>
    <subfield code="4">0</subfield>
    <subfield code="7">0</subfield>
    <subfield code="a">POS-042</subfield>
    <subfield code="b">POS-042</subfield>
    <subfield code="c">CONSULTA</subfield>
    <subfield code="d">2019-09-03</subfield>
    <subfield code="f">2a ed.</subfield>
    <subfield code="h">V.45</subfield>
    <subfield code="i">D</subfield>
    <subfield code="k">CSA</subfield>
    <subfield code="o">K230 B53 1998 </subfield>
    <subfield code="p">BPD000000846</subfield>
    <subfield code="r">2019-09-03 00:00:00</subfield>
    <subfield code="t">1</subfield>
    <subfield code="v">1.00</subfield>
    <subfield code="y">LIB</subfield>
  </datafield>
  <datafield tag="952" ind1=" " ind2=" ">
    <subfield code="1">0</subfield>
    <subfield code="2">lcc</subfield>
    <subfield code="4">0</subfield>
    <subfield code="7">0</subfield>
    <subfield code="a">POS-042</subfield>
    <subfield code="b">POS-042</subfield>
    <subfield code="c">CONSULTA</subfield>
    <subfield code="d">2019-09-03</subfield>
    <subfield code="f">1a ed.</subfield>
    <subfield code="h">V.46 </subfield>
    <subfield code="i">D</subfield>
    <subfield code="k">CSA</subfield>
    <subfield code="o">K230 B53 1996</subfield>
    <subfield code="p">BPD000000847</subfield>
    <subfield code="r">2019-09-03 00:00:00</subfield>
    <subfield code="t">1</subfield>
    <subfield code="v">1.00</subfield>
    <subfield code="y">LIB</subfield>
  </datafield>
  <datafield tag="952" ind1=" " ind2=" ">
    <subfield code="1">0</subfield>
    <subfield code="2">lcc</subfield>
    <subfield code="4">0</subfield>
    <subfield code="7">0</subfield>
    <subfield code="a">POS-042</subfield>
    <subfield code="b">POS-042</subfield>
    <subfield code="c">CONSULTA</subfield>
    <subfield code="d">2019-09-03</subfield>
    <subfield code="f">1a ed.</subfield>
    <subfield code="h">V.47</subfield>
    <subfield code="i">D</subfield>
    <subfield code="k">CSA</subfield>
    <subfield code="o">K230 B53 1996</subfield>
    <subfield code="p">BPD000000848</subfield>
    <subfield code="r">2019-09-03 00:00:00</subfield>
    <subfield code="t">1</subfield>
    <subfield code="v">1.00</subfield>
    <subfield code="y">LIB</subfield>
  </datafield>
  <datafield tag="952" ind1=" " ind2=" ">
    <subfield code="1">0</subfield>
    <subfield code="2">lcc</subfield>
    <subfield code="4">0</subfield>
    <subfield code="7">0</subfield>
    <subfield code="a">POS-042</subfield>
    <subfield code="b">POS-042</subfield>
    <subfield code="c">CONSULTA</subfield>
    <subfield code="d">2019-09-03</subfield>
    <subfield code="f">1a ed.</subfield>
    <subfield code="h">V.47</subfield>
    <subfield code="i">D</subfield>
    <subfield code="k">CSA</subfield>
    <subfield code="o">K230 B53 1996</subfield>
    <subfield code="p">BPD000000849</subfield>
    <subfield code="r">2019-09-03 00:00:00</subfield>
    <subfield code="t">2</subfield>
    <subfield code="v">1.00</subfield>
    <subfield code="y">LIB</subfield>
  </datafield>
  <datafield tag="952" ind1=" " ind2=" ">
    <subfield code="1">0</subfield>
    <subfield code="2">lcc</subfield>
    <subfield code="4">0</subfield>
    <subfield code="7">0</subfield>
    <subfield code="a">POS-042</subfield>
    <subfield code="b">POS-042</subfield>
    <subfield code="c">CONSULTA</subfield>
    <subfield code="d">2019-09-03</subfield>
    <subfield code="f">1a ed.</subfield>
    <subfield code="h">V.48 </subfield>
    <subfield code="i">D</subfield>
    <subfield code="k">CSA</subfield>
    <subfield code="o">K230 B53 1996</subfield>
    <subfield code="p">BPD000000850</subfield>
    <subfield code="r">2019-09-03 00:00:00</subfield>
    <subfield code="t">1</subfield>
    <subfield code="v">1.00</subfield>
    <subfield code="y">LIB</subfield>
  </datafield>
  <datafield tag="952" ind1=" " ind2=" ">
    <subfield code="1">0</subfield>
    <subfield code="2">lcc</subfield>
    <subfield code="4">0</subfield>
    <subfield code="7">0</subfield>
    <subfield code="a">POS-042</subfield>
    <subfield code="b">POS-042</subfield>
    <subfield code="c">CONSULTA</subfield>
    <subfield code="d">2019-09-03</subfield>
    <subfield code="f">1a ed.</subfield>
    <subfield code="h">V.48 </subfield>
    <subfield code="i">D</subfield>
    <subfield code="k">CSA</subfield>
    <subfield code="o">K230 B53 1996</subfield>
    <subfield code="p">BPD000000851</subfield>
    <subfield code="r">2019-09-03 00:00:00</subfield>
    <subfield code="t">2</subfield>
    <subfield code="v">1.00</subfield>
    <subfield code="y">LIB</subfield>
  </datafield>
  <datafield tag="952" ind1=" " ind2=" ">
    <subfield code="1">0</subfield>
    <subfield code="2">lcc</subfield>
    <subfield code="4">0</subfield>
    <subfield code="7">0</subfield>
    <subfield code="a">POS-042</subfield>
    <subfield code="b">POS-042</subfield>
    <subfield code="c">CONSULTA</subfield>
    <subfield code="d">2019-09-03</subfield>
    <subfield code="f">1a ed.</subfield>
    <subfield code="h">V.49 </subfield>
    <subfield code="i">D</subfield>
    <subfield code="k">CSA</subfield>
    <subfield code="o">K230 B53 1997</subfield>
    <subfield code="p">BPD000000852</subfield>
    <subfield code="r">2019-09-03 00:00:00</subfield>
    <subfield code="t">1</subfield>
    <subfield code="v">1.00</subfield>
    <subfield code="y">LIB</subfield>
  </datafield>
  <datafield tag="952" ind1=" " ind2=" ">
    <subfield code="1">0</subfield>
    <subfield code="2">lcc</subfield>
    <subfield code="4">0</subfield>
    <subfield code="7">0</subfield>
    <subfield code="a">POS-042</subfield>
    <subfield code="b">POS-042</subfield>
    <subfield code="c">CONSULTA</subfield>
    <subfield code="d">2019-09-04</subfield>
    <subfield code="f">1a ed.</subfield>
    <subfield code="h">V.51</subfield>
    <subfield code="i">D</subfield>
    <subfield code="k">CSA</subfield>
    <subfield code="o">K230 B53 1996</subfield>
    <subfield code="p">BPD000000853</subfield>
    <subfield code="r">2019-09-04 00:00:00</subfield>
    <subfield code="t">1</subfield>
    <subfield code="v">1.00</subfield>
    <subfield code="y">LIB</subfield>
  </datafield>
  <datafield tag="952" ind1=" " ind2=" ">
    <subfield code="1">0</subfield>
    <subfield code="2">lcc</subfield>
    <subfield code="4">0</subfield>
    <subfield code="7">0</subfield>
    <subfield code="a">POS-042</subfield>
    <subfield code="b">POS-042</subfield>
    <subfield code="c">CONSULTA</subfield>
    <subfield code="d">2019-09-04</subfield>
    <subfield code="f">1a ed.</subfield>
    <subfield code="h">V.51</subfield>
    <subfield code="i">D</subfield>
    <subfield code="k">CSA</subfield>
    <subfield code="o">K230 B53 1996</subfield>
    <subfield code="p">BPD000000854</subfield>
    <subfield code="r">2019-09-04 00:00:00</subfield>
    <subfield code="t">2</subfield>
    <subfield code="v">1.00</subfield>
    <subfield code="y">LIB</subfield>
  </datafield>
  <datafield tag="952" ind1=" " ind2=" ">
    <subfield code="1">0</subfield>
    <subfield code="2">lcc</subfield>
    <subfield code="4">0</subfield>
    <subfield code="7">0</subfield>
    <subfield code="a">POS-042</subfield>
    <subfield code="b">POS-042</subfield>
    <subfield code="c">CONSULTA</subfield>
    <subfield code="d">2019-09-04</subfield>
    <subfield code="f">1a ed.</subfield>
    <subfield code="h">V.52</subfield>
    <subfield code="i">D</subfield>
    <subfield code="k">CSA</subfield>
    <subfield code="o">K230 B53 1997 </subfield>
    <subfield code="p">BPD000000855</subfield>
    <subfield code="r">2019-09-04 00:00:00</subfield>
    <subfield code="t">1</subfield>
    <subfield code="v">1.00</subfield>
    <subfield code="y">LIB</subfield>
  </datafield>
  <datafield tag="952" ind1=" " ind2=" ">
    <subfield code="1">0</subfield>
    <subfield code="2">lcc</subfield>
    <subfield code="4">0</subfield>
    <subfield code="7">0</subfield>
    <subfield code="a">POS-042</subfield>
    <subfield code="b">POS-042</subfield>
    <subfield code="c">CONSULTA</subfield>
    <subfield code="d">2019-09-04</subfield>
    <subfield code="f">1a ed.</subfield>
    <subfield code="h">V.53</subfield>
    <subfield code="i">D</subfield>
    <subfield code="k">CSA</subfield>
    <subfield code="o">K230 B53 1997</subfield>
    <subfield code="p">BPD000000856</subfield>
    <subfield code="r">2019-09-04 00:00:00</subfield>
    <subfield code="t">1</subfield>
    <subfield code="v">1.00</subfield>
    <subfield code="y">LIB</subfield>
  </datafield>
  <datafield tag="952" ind1=" " ind2=" ">
    <subfield code="1">0</subfield>
    <subfield code="2">lcc</subfield>
    <subfield code="4">0</subfield>
    <subfield code="7">0</subfield>
    <subfield code="a">POS-042</subfield>
    <subfield code="b">POS-042</subfield>
    <subfield code="c">CONSULTA</subfield>
    <subfield code="d">2019-09-04</subfield>
    <subfield code="f">1a ed.</subfield>
    <subfield code="h">V.54</subfield>
    <subfield code="i">D</subfield>
    <subfield code="k">CSA</subfield>
    <subfield code="o">K230 B53 1998 </subfield>
    <subfield code="p">BPD000000857</subfield>
    <subfield code="r">2019-09-04 00:00:00</subfield>
    <subfield code="t">1</subfield>
    <subfield code="v">1.00</subfield>
    <subfield code="y">LIB</subfield>
  </datafield>
  <datafield tag="952" ind1=" " ind2=" ">
    <subfield code="1">0</subfield>
    <subfield code="2">lcc</subfield>
    <subfield code="4">0</subfield>
    <subfield code="7">0</subfield>
    <subfield code="a">POS-042</subfield>
    <subfield code="b">POS-042</subfield>
    <subfield code="c">CONSULTA</subfield>
    <subfield code="d">2019-09-04</subfield>
    <subfield code="f">1a ed.</subfield>
    <subfield code="h">V.54</subfield>
    <subfield code="i">D</subfield>
    <subfield code="k">CSA</subfield>
    <subfield code="o">K230 B53 1998 </subfield>
    <subfield code="p">BPD000000858</subfield>
    <subfield code="r">2019-09-04 00:00:00</subfield>
    <subfield code="t">2</subfield>
    <subfield code="v">1.00</subfield>
    <subfield code="y">LIB</subfield>
  </datafield>
  <datafield tag="952" ind1=" " ind2=" ">
    <subfield code="1">0</subfield>
    <subfield code="2">lcc</subfield>
    <subfield code="4">0</subfield>
    <subfield code="7">0</subfield>
    <subfield code="a">POS-042</subfield>
    <subfield code="b">POS-042</subfield>
    <subfield code="c">CONSULTA</subfield>
    <subfield code="d">2019-09-04</subfield>
    <subfield code="f">1a ed.</subfield>
    <subfield code="h">V.55 </subfield>
    <subfield code="i">D</subfield>
    <subfield code="k">CSA</subfield>
    <subfield code="o">K230 B53 1998</subfield>
    <subfield code="p">BPD000000859</subfield>
    <subfield code="r">2019-09-04 00:00:00</subfield>
    <subfield code="t">1</subfield>
    <subfield code="v">1.00</subfield>
    <subfield code="y">LIB</subfield>
  </datafield>
  <datafield tag="952" ind1=" " ind2=" ">
    <subfield code="1">0</subfield>
    <subfield code="2">lcc</subfield>
    <subfield code="4">0</subfield>
    <subfield code="7">0</subfield>
    <subfield code="a">POS-042</subfield>
    <subfield code="b">POS-042</subfield>
    <subfield code="c">CONSULTA</subfield>
    <subfield code="d">2019-09-04</subfield>
    <subfield code="f">1a ed.</subfield>
    <subfield code="h">V.57</subfield>
    <subfield code="i">D</subfield>
    <subfield code="k">CSA</subfield>
    <subfield code="o">K230 B53 1997</subfield>
    <subfield code="p">BPD000000860</subfield>
    <subfield code="r">2019-09-04 00:00:00</subfield>
    <subfield code="t">1</subfield>
    <subfield code="v">1.00</subfield>
    <subfield code="y">LIB</subfield>
  </datafield>
  <datafield tag="952" ind1=" " ind2=" ">
    <subfield code="1">0</subfield>
    <subfield code="2">lcc</subfield>
    <subfield code="4">0</subfield>
    <subfield code="7">0</subfield>
    <subfield code="a">POS-042</subfield>
    <subfield code="b">POS-042</subfield>
    <subfield code="c">CONSULTA</subfield>
    <subfield code="d">2019-09-04</subfield>
    <subfield code="f">1a ed.</subfield>
    <subfield code="h">V.58</subfield>
    <subfield code="i">D</subfield>
    <subfield code="k">CSA</subfield>
    <subfield code="o">K230 B53 1999</subfield>
    <subfield code="p">BPD000000861</subfield>
    <subfield code="r">2019-09-04 00:00:00</subfield>
    <subfield code="t">1</subfield>
    <subfield code="v">1.00</subfield>
    <subfield code="y">LIB</subfield>
  </datafield>
  <datafield tag="952" ind1=" " ind2=" ">
    <subfield code="1">0</subfield>
    <subfield code="2">lcc</subfield>
    <subfield code="4">0</subfield>
    <subfield code="7">0</subfield>
    <subfield code="a">LIC-002</subfield>
    <subfield code="b">LIC-002</subfield>
    <subfield code="c">CONSULTA</subfield>
    <subfield code="d">2019-09-05</subfield>
    <subfield code="f">1a ed.</subfield>
    <subfield code="h">V.36</subfield>
    <subfield code="i">D</subfield>
    <subfield code="k">CSA</subfield>
    <subfield code="o">K230 B53 1994 </subfield>
    <subfield code="p">BFD000011663</subfield>
    <subfield code="r">2019-09-05 00:00:00</subfield>
    <subfield code="t">1</subfield>
    <subfield code="v">1.00</subfield>
    <subfield code="y">LIB</subfield>
  </datafield>
  <datafield tag="952" ind1=" " ind2=" ">
    <subfield code="1">0</subfield>
    <subfield code="2">lcc</subfield>
    <subfield code="4">0</subfield>
    <subfield code="7">0</subfield>
    <subfield code="a">LIC-002</subfield>
    <subfield code="b">LIC-002</subfield>
    <subfield code="c">CONSULTA</subfield>
    <subfield code="d">2019-09-05</subfield>
    <subfield code="f">1a ed.</subfield>
    <subfield code="h">V.37</subfield>
    <subfield code="i">D</subfield>
    <subfield code="k">CSA</subfield>
    <subfield code="o">K230 B53 1994</subfield>
    <subfield code="p">BFD000011664</subfield>
    <subfield code="r">2019-09-05 00:00:00</subfield>
    <subfield code="t">1</subfield>
    <subfield code="v">1.00</subfield>
    <subfield code="y">LIB</subfield>
  </datafield>
  <datafield tag="952" ind1=" " ind2=" ">
    <subfield code="1">0</subfield>
    <subfield code="2">lcc</subfield>
    <subfield code="4">0</subfield>
    <subfield code="7">0</subfield>
    <subfield code="a">POS-042</subfield>
    <subfield code="b">POS-042</subfield>
    <subfield code="c">CONSULTA</subfield>
    <subfield code="d">2019-09-06</subfield>
    <subfield code="f">1a ed.</subfield>
    <subfield code="h">V.59 </subfield>
    <subfield code="i">D</subfield>
    <subfield code="k">CSA</subfield>
    <subfield code="o">K230 B53 1997 </subfield>
    <subfield code="p">BPD000000862</subfield>
    <subfield code="r">2019-09-06 00:00:00</subfield>
    <subfield code="t">1</subfield>
    <subfield code="v">1.00</subfield>
    <subfield code="y">LIB</subfield>
  </datafield>
  <datafield tag="952" ind1=" " ind2=" ">
    <subfield code="1">0</subfield>
    <subfield code="2">lcc</subfield>
    <subfield code="4">0</subfield>
    <subfield code="7">0</subfield>
    <subfield code="a">POS-042</subfield>
    <subfield code="b">POS-042</subfield>
    <subfield code="c">CONSULTA</subfield>
    <subfield code="d">2019-09-06</subfield>
    <subfield code="f">1a ed.</subfield>
    <subfield code="h">V.59 </subfield>
    <subfield code="i">D</subfield>
    <subfield code="k">CSA</subfield>
    <subfield code="o">K230 B53 1997 </subfield>
    <subfield code="p">BPD000000863</subfield>
    <subfield code="r">2019-09-06 00:00:00</subfield>
    <subfield code="t">2</subfield>
    <subfield code="v">1.00</subfield>
    <subfield code="y">LIB</subfield>
  </datafield>
  <datafield tag="952" ind1=" " ind2=" ">
    <subfield code="1">0</subfield>
    <subfield code="2">lcc</subfield>
    <subfield code="4">0</subfield>
    <subfield code="7">0</subfield>
    <subfield code="a">POS-042</subfield>
    <subfield code="b">POS-042</subfield>
    <subfield code="c">CONSULTA</subfield>
    <subfield code="d">2019-09-06</subfield>
    <subfield code="f">1a ed.</subfield>
    <subfield code="h">V.60</subfield>
    <subfield code="i">D</subfield>
    <subfield code="k">CSA</subfield>
    <subfield code="o">K230 B53 1997</subfield>
    <subfield code="p">BPD000000864</subfield>
    <subfield code="r">2019-09-06 00:00:00</subfield>
    <subfield code="t">1</subfield>
    <subfield code="v">1.00</subfield>
    <subfield code="y">LIB</subfield>
  </datafield>
  <datafield tag="952" ind1=" " ind2=" ">
    <subfield code="1">0</subfield>
    <subfield code="2">lcc</subfield>
    <subfield code="4">0</subfield>
    <subfield code="7">0</subfield>
    <subfield code="a">POS-042</subfield>
    <subfield code="b">POS-042</subfield>
    <subfield code="c">CONSULTA</subfield>
    <subfield code="d">2019-09-06</subfield>
    <subfield code="f">2a ed.</subfield>
    <subfield code="h">V.61 </subfield>
    <subfield code="i">D</subfield>
    <subfield code="k">CSA</subfield>
    <subfield code="o">K230 B53 2001 </subfield>
    <subfield code="p">BPD000000865</subfield>
    <subfield code="r">2019-09-06 00:00:00</subfield>
    <subfield code="t">1</subfield>
    <subfield code="v">1.00</subfield>
    <subfield code="y">LIB</subfield>
  </datafield>
  <datafield tag="952" ind1=" " ind2=" ">
    <subfield code="1">0</subfield>
    <subfield code="2">lcc</subfield>
    <subfield code="4">0</subfield>
    <subfield code="7">0</subfield>
    <subfield code="a">POS-042</subfield>
    <subfield code="b">POS-042</subfield>
    <subfield code="c">CONSULTA</subfield>
    <subfield code="d">2019-09-06</subfield>
    <subfield code="f">2a ed.</subfield>
    <subfield code="h">V.61 </subfield>
    <subfield code="i">D</subfield>
    <subfield code="k">CSA</subfield>
    <subfield code="o">K230 B53 2001 </subfield>
    <subfield code="p">BPD000000866</subfield>
    <subfield code="r">2019-09-06 00:00:00</subfield>
    <subfield code="t">2</subfield>
    <subfield code="v">1.00</subfield>
    <subfield code="y">LIB</subfield>
  </datafield>
  <datafield tag="952" ind1=" " ind2=" ">
    <subfield code="1">0</subfield>
    <subfield code="2">lcc</subfield>
    <subfield code="4">0</subfield>
    <subfield code="7">0</subfield>
    <subfield code="a">POS-042</subfield>
    <subfield code="b">POS-042</subfield>
    <subfield code="c">CONSULTA</subfield>
    <subfield code="d">2019-09-06</subfield>
    <subfield code="f">1a ed.</subfield>
    <subfield code="h">V.63</subfield>
    <subfield code="i">D</subfield>
    <subfield code="k">CSA</subfield>
    <subfield code="o">K230 B53 1998</subfield>
    <subfield code="p">BPD000000867</subfield>
    <subfield code="r">2019-09-06 00:00:00</subfield>
    <subfield code="t">1</subfield>
    <subfield code="v">1.00</subfield>
    <subfield code="y">LIB</subfield>
  </datafield>
  <datafield tag="952" ind1=" " ind2=" ">
    <subfield code="1">0</subfield>
    <subfield code="2">lcc</subfield>
    <subfield code="4">0</subfield>
    <subfield code="7">0</subfield>
    <subfield code="a">POS-042</subfield>
    <subfield code="b">POS-042</subfield>
    <subfield code="c">CONSULTA</subfield>
    <subfield code="d">2019-09-06</subfield>
    <subfield code="f">1a ed.</subfield>
    <subfield code="h">V.63</subfield>
    <subfield code="i">D</subfield>
    <subfield code="k">CSA</subfield>
    <subfield code="o">K230 B53 1998</subfield>
    <subfield code="p">BPD000000868</subfield>
    <subfield code="r">2019-09-06 00:00:00</subfield>
    <subfield code="t">2</subfield>
    <subfield code="v">1.00</subfield>
    <subfield code="y">LIB</subfield>
  </datafield>
  <datafield tag="952" ind1=" " ind2=" ">
    <subfield code="1">0</subfield>
    <subfield code="2">lcc</subfield>
    <subfield code="4">0</subfield>
    <subfield code="7">0</subfield>
    <subfield code="a">POS-042</subfield>
    <subfield code="b">POS-042</subfield>
    <subfield code="c">CONSULTA</subfield>
    <subfield code="d">2019-09-06</subfield>
    <subfield code="f">1a ed.</subfield>
    <subfield code="h">V.64</subfield>
    <subfield code="i">D</subfield>
    <subfield code="k">CSA</subfield>
    <subfield code="o">K230 B53 1998</subfield>
    <subfield code="p">BPD000000869</subfield>
    <subfield code="r">2019-09-06 00:00:00</subfield>
    <subfield code="t">1</subfield>
    <subfield code="v">1.00</subfield>
    <subfield code="y">LIB</subfield>
  </datafield>
  <datafield tag="952" ind1=" " ind2=" ">
    <subfield code="1">0</subfield>
    <subfield code="2">lcc</subfield>
    <subfield code="4">0</subfield>
    <subfield code="7">0</subfield>
    <subfield code="a">POS-042</subfield>
    <subfield code="b">POS-042</subfield>
    <subfield code="c">CONSULTA</subfield>
    <subfield code="d">2019-09-06</subfield>
    <subfield code="f">1a ed.</subfield>
    <subfield code="h">V.64</subfield>
    <subfield code="i">D</subfield>
    <subfield code="k">CSA</subfield>
    <subfield code="o">K230 B53 1998</subfield>
    <subfield code="p">BPD000000870</subfield>
    <subfield code="r">2019-09-06 00:00:00</subfield>
    <subfield code="t">2</subfield>
    <subfield code="v">1.00</subfield>
    <subfield code="y">LIB</subfield>
  </datafield>
  <datafield tag="952" ind1=" " ind2=" ">
    <subfield code="1">0</subfield>
    <subfield code="2">lcc</subfield>
    <subfield code="4">0</subfield>
    <subfield code="7">0</subfield>
    <subfield code="a">POS-042</subfield>
    <subfield code="b">POS-042</subfield>
    <subfield code="c">CONSULTA</subfield>
    <subfield code="d">2019-09-09</subfield>
    <subfield code="f">1a ed.</subfield>
    <subfield code="h">V.65</subfield>
    <subfield code="i">D</subfield>
    <subfield code="k">CSA</subfield>
    <subfield code="o">K230 B53 1998</subfield>
    <subfield code="p">BPD000000871</subfield>
    <subfield code="r">2019-09-09 00:00:00</subfield>
    <subfield code="t">1</subfield>
    <subfield code="v">1.00</subfield>
    <subfield code="y">LIB</subfield>
  </datafield>
  <datafield tag="952" ind1=" " ind2=" ">
    <subfield code="1">0</subfield>
    <subfield code="2">lcc</subfield>
    <subfield code="4">0</subfield>
    <subfield code="7">0</subfield>
    <subfield code="a">POS-042</subfield>
    <subfield code="b">POS-042</subfield>
    <subfield code="c">CONSULTA</subfield>
    <subfield code="d">2019-09-09</subfield>
    <subfield code="f">1a ed.</subfield>
    <subfield code="h">V.65</subfield>
    <subfield code="i">D</subfield>
    <subfield code="k">CSA</subfield>
    <subfield code="o">K230 B53 1998</subfield>
    <subfield code="p">BPD000000872</subfield>
    <subfield code="r">2019-09-09 00:00:00</subfield>
    <subfield code="t">2</subfield>
    <subfield code="v">1.00</subfield>
    <subfield code="y">LIB</subfield>
  </datafield>
  <datafield tag="952" ind1=" " ind2=" ">
    <subfield code="1">0</subfield>
    <subfield code="2">lcc</subfield>
    <subfield code="4">0</subfield>
    <subfield code="7">0</subfield>
    <subfield code="a">POS-042</subfield>
    <subfield code="b">POS-042</subfield>
    <subfield code="c">CONSULTA</subfield>
    <subfield code="d">2019-09-09</subfield>
    <subfield code="f">1a ed.</subfield>
    <subfield code="h">V.67</subfield>
    <subfield code="i">D</subfield>
    <subfield code="k">CSA</subfield>
    <subfield code="o">K230 B53 2000</subfield>
    <subfield code="p">BPD000000873</subfield>
    <subfield code="r">2019-09-09 00:00:00</subfield>
    <subfield code="t">1</subfield>
    <subfield code="v">1.00</subfield>
    <subfield code="y">LIB</subfield>
  </datafield>
  <datafield tag="952" ind1=" " ind2=" ">
    <subfield code="1">0</subfield>
    <subfield code="2">lcc</subfield>
    <subfield code="4">0</subfield>
    <subfield code="7">0</subfield>
    <subfield code="a">POS-042</subfield>
    <subfield code="b">POS-042</subfield>
    <subfield code="c">CONSULTA</subfield>
    <subfield code="d">2019-09-09</subfield>
    <subfield code="f">1a ed.</subfield>
    <subfield code="h">V.69</subfield>
    <subfield code="i">D</subfield>
    <subfield code="k">CSA</subfield>
    <subfield code="o">K230 B53 1998</subfield>
    <subfield code="p">BPD000000874</subfield>
    <subfield code="r">2019-09-09 00:00:00</subfield>
    <subfield code="t">1</subfield>
    <subfield code="v">1.00</subfield>
    <subfield code="y">LIB</subfield>
  </datafield>
  <datafield tag="952" ind1=" " ind2=" ">
    <subfield code="1">0</subfield>
    <subfield code="2">lcc</subfield>
    <subfield code="4">0</subfield>
    <subfield code="7">0</subfield>
    <subfield code="a">POS-042</subfield>
    <subfield code="b">POS-042</subfield>
    <subfield code="c">CONSULTA</subfield>
    <subfield code="d">2019-09-09</subfield>
    <subfield code="f">1a ed.</subfield>
    <subfield code="h">V.70</subfield>
    <subfield code="i">D</subfield>
    <subfield code="k">CSA</subfield>
    <subfield code="o">K230 B53 1999 </subfield>
    <subfield code="p">BPD000000875</subfield>
    <subfield code="r">2019-09-09 00:00:00</subfield>
    <subfield code="t">1</subfield>
    <subfield code="v">1.00</subfield>
    <subfield code="y">LIB</subfield>
  </datafield>
  <datafield tag="952" ind1=" " ind2=" ">
    <subfield code="1">0</subfield>
    <subfield code="2">lcc</subfield>
    <subfield code="4">0</subfield>
    <subfield code="7">0</subfield>
    <subfield code="a">POS-042</subfield>
    <subfield code="b">POS-042</subfield>
    <subfield code="c">CONSULTA</subfield>
    <subfield code="d">2019-09-09</subfield>
    <subfield code="f">1a ed.</subfield>
    <subfield code="h">V.70</subfield>
    <subfield code="i">D</subfield>
    <subfield code="k">CSA</subfield>
    <subfield code="o">K230 B53 1999 </subfield>
    <subfield code="p">BPD000000876</subfield>
    <subfield code="r">2019-09-09 00:00:00</subfield>
    <subfield code="t">2</subfield>
    <subfield code="v">1.00</subfield>
    <subfield code="y">LIB</subfield>
  </datafield>
  <datafield tag="952" ind1=" " ind2=" ">
    <subfield code="1">0</subfield>
    <subfield code="2">lcc</subfield>
    <subfield code="4">0</subfield>
    <subfield code="7">0</subfield>
    <subfield code="a">POS-042</subfield>
    <subfield code="b">POS-042</subfield>
    <subfield code="c">CONSULTA</subfield>
    <subfield code="d">2019-09-09</subfield>
    <subfield code="f">1a ed.</subfield>
    <subfield code="h">V.72</subfield>
    <subfield code="i">D</subfield>
    <subfield code="k">CSA</subfield>
    <subfield code="o">K230 B53 2000 </subfield>
    <subfield code="p">BPD000000877</subfield>
    <subfield code="r">2019-09-09 00:00:00</subfield>
    <subfield code="t">1</subfield>
    <subfield code="v">1.00</subfield>
    <subfield code="y">LIB</subfield>
  </datafield>
  <datafield tag="952" ind1=" " ind2=" ">
    <subfield code="1">0</subfield>
    <subfield code="2">lcc</subfield>
    <subfield code="4">0</subfield>
    <subfield code="7">0</subfield>
    <subfield code="a">POS-042</subfield>
    <subfield code="b">POS-042</subfield>
    <subfield code="c">CONSULTA</subfield>
    <subfield code="d">2019-09-09</subfield>
    <subfield code="f">1a ed.</subfield>
    <subfield code="h">V.72</subfield>
    <subfield code="i">D</subfield>
    <subfield code="k">CSA</subfield>
    <subfield code="o">K230 B53 2000 </subfield>
    <subfield code="p">BPD000000878</subfield>
    <subfield code="r">2019-09-09 00:00:00</subfield>
    <subfield code="t">2</subfield>
    <subfield code="v">1.00</subfield>
    <subfield code="y">LIB</subfield>
  </datafield>
  <datafield tag="952" ind1=" " ind2=" ">
    <subfield code="1">0</subfield>
    <subfield code="2">lcc</subfield>
    <subfield code="4">0</subfield>
    <subfield code="7">0</subfield>
    <subfield code="a">POS-042</subfield>
    <subfield code="b">POS-042</subfield>
    <subfield code="c">CONSULTA</subfield>
    <subfield code="d">2019-09-10</subfield>
    <subfield code="f">1a ed.</subfield>
    <subfield code="h">V.74</subfield>
    <subfield code="i">D</subfield>
    <subfield code="k">CSA</subfield>
    <subfield code="o">K230 B53 r2003</subfield>
    <subfield code="p">BPD000000879</subfield>
    <subfield code="r">2019-09-10 00:00:00</subfield>
    <subfield code="t">1</subfield>
    <subfield code="v">1.00</subfield>
    <subfield code="y">LIB</subfield>
  </datafield>
  <datafield tag="952" ind1=" " ind2=" ">
    <subfield code="1">0</subfield>
    <subfield code="2">lcc</subfield>
    <subfield code="4">0</subfield>
    <subfield code="7">0</subfield>
    <subfield code="a">POS-042</subfield>
    <subfield code="b">POS-042</subfield>
    <subfield code="c">CONSULTA</subfield>
    <subfield code="d">2019-09-10</subfield>
    <subfield code="f">1a ed.</subfield>
    <subfield code="h">V.74</subfield>
    <subfield code="i">D</subfield>
    <subfield code="k">CSA</subfield>
    <subfield code="o">K230 B53 r2003</subfield>
    <subfield code="p">BPD000000880</subfield>
    <subfield code="r">2019-09-10 00:00:00</subfield>
    <subfield code="t">1</subfield>
    <subfield code="v">1.00</subfield>
    <subfield code="y">LIB</subfield>
  </datafield>
  <datafield tag="952" ind1=" " ind2=" ">
    <subfield code="1">0</subfield>
    <subfield code="2">lcc</subfield>
    <subfield code="4">0</subfield>
    <subfield code="7">0</subfield>
    <subfield code="a">POS-042</subfield>
    <subfield code="b">POS-042</subfield>
    <subfield code="c">CONSULTA</subfield>
    <subfield code="d">2019-09-10</subfield>
    <subfield code="f">1a ed.</subfield>
    <subfield code="h">V.77</subfield>
    <subfield code="i">D</subfield>
    <subfield code="k">CSA</subfield>
    <subfield code="o">K230 B53 1999 </subfield>
    <subfield code="p">BPD000000607</subfield>
    <subfield code="r">2019-09-10 00:00:00</subfield>
    <subfield code="t">1</subfield>
    <subfield code="v">1.00</subfield>
    <subfield code="y">LIB</subfield>
  </datafield>
  <datafield tag="952" ind1=" " ind2=" ">
    <subfield code="1">0</subfield>
    <subfield code="2">lcc</subfield>
    <subfield code="4">0</subfield>
    <subfield code="7">0</subfield>
    <subfield code="a">POS-042</subfield>
    <subfield code="b">POS-042</subfield>
    <subfield code="c">CONSULTA</subfield>
    <subfield code="d">2019-09-10</subfield>
    <subfield code="f">1a ed.</subfield>
    <subfield code="h">V.77</subfield>
    <subfield code="i">D</subfield>
    <subfield code="k">CSA</subfield>
    <subfield code="o">K230 B53 1999 </subfield>
    <subfield code="p">BPD000000608</subfield>
    <subfield code="r">2019-09-10 00:00:00</subfield>
    <subfield code="t">2</subfield>
    <subfield code="v">1.00</subfield>
    <subfield code="y">LIB</subfield>
  </datafield>
  <datafield tag="952" ind1=" " ind2=" ">
    <subfield code="1">0</subfield>
    <subfield code="2">lcc</subfield>
    <subfield code="4">0</subfield>
    <subfield code="7">0</subfield>
    <subfield code="a">POS-042</subfield>
    <subfield code="b">POS-042</subfield>
    <subfield code="c">CONSULTA</subfield>
    <subfield code="d">2019-09-10</subfield>
    <subfield code="f">1a ed.</subfield>
    <subfield code="h">V.83</subfield>
    <subfield code="i">D</subfield>
    <subfield code="k">CSA</subfield>
    <subfield code="o">K230 B53 2000</subfield>
    <subfield code="p">BPD000000881</subfield>
    <subfield code="r">2019-09-10 00:00:00</subfield>
    <subfield code="t">1</subfield>
    <subfield code="v">1.00</subfield>
    <subfield code="y">LIB</subfield>
  </datafield>
  <datafield tag="952" ind1=" " ind2=" ">
    <subfield code="1">0</subfield>
    <subfield code="2">lcc</subfield>
    <subfield code="4">0</subfield>
    <subfield code="7">0</subfield>
    <subfield code="a">LIC-002</subfield>
    <subfield code="b">LIC-002</subfield>
    <subfield code="c">CONSULTA</subfield>
    <subfield code="d">2019-09-25</subfield>
    <subfield code="f">1a ed.</subfield>
    <subfield code="h"> V:83</subfield>
    <subfield code="i">D</subfield>
    <subfield code="k">CSA</subfield>
    <subfield code="o">K230 B53 r2004</subfield>
    <subfield code="p">BFD000011752</subfield>
    <subfield code="r">2019-09-25 00:00:00</subfield>
    <subfield code="t">1</subfield>
    <subfield code="v">1.00</subfield>
    <subfield code="y">LIB</subfield>
    <subfield code="z">Primera reimpresi&#xF3;n</subfield>
  </datafield>
  <datafield tag="952" ind1=" " ind2=" ">
    <subfield code="1">0</subfield>
    <subfield code="2">lcc</subfield>
    <subfield code="4">0</subfield>
    <subfield code="7">0</subfield>
    <subfield code="a">LIC-002</subfield>
    <subfield code="b">LIC-002</subfield>
    <subfield code="c">CONSULTA</subfield>
    <subfield code="d">2019-09-25</subfield>
    <subfield code="f">1a ed.</subfield>
    <subfield code="h"> V:83</subfield>
    <subfield code="i">D</subfield>
    <subfield code="k">CSA</subfield>
    <subfield code="o">K230 B53 r2004</subfield>
    <subfield code="p">BFD000011753</subfield>
    <subfield code="r">2019-09-25 00:00:00</subfield>
    <subfield code="t">2</subfield>
    <subfield code="v">1.00</subfield>
    <subfield code="y">LIB</subfield>
    <subfield code="z">Primera reimpresi&#xF3;n</subfield>
  </datafield>
  <datafield tag="952" ind1=" " ind2=" ">
    <subfield code="1">0</subfield>
    <subfield code="2">lcc</subfield>
    <subfield code="4">0</subfield>
    <subfield code="7">0</subfield>
    <subfield code="a">LIC-002</subfield>
    <subfield code="b">LIC-002</subfield>
    <subfield code="c">CONSULTA</subfield>
    <subfield code="d">2019-10-03</subfield>
    <subfield code="e">DON</subfield>
    <subfield code="f">1a ed.</subfield>
    <subfield code="h">V.3</subfield>
    <subfield code="i">D</subfield>
    <subfield code="k">CSA</subfield>
    <subfield code="o">K230 B53 1991</subfield>
    <subfield code="p">BFD000011777</subfield>
    <subfield code="r">2019-10-03 00:00:00</subfield>
    <subfield code="t">1</subfield>
    <subfield code="v">1.00</subfield>
    <subfield code="y">LIB</subfield>
  </datafield>
  <datafield tag="952" ind1=" " ind2=" ">
    <subfield code="1">0</subfield>
    <subfield code="2">lcc</subfield>
    <subfield code="4">0</subfield>
    <subfield code="7">0</subfield>
    <subfield code="a">LIC-002</subfield>
    <subfield code="b">LIC-002</subfield>
    <subfield code="c">CONSULTA</subfield>
    <subfield code="d">2019-10-03</subfield>
    <subfield code="e">DON</subfield>
    <subfield code="f">1a ed.</subfield>
    <subfield code="h">V.21</subfield>
    <subfield code="i">D</subfield>
    <subfield code="k">CSA</subfield>
    <subfield code="o">K230 B53 1992</subfield>
    <subfield code="p">BFD000011778</subfield>
    <subfield code="r">2019-10-03 00:00:00</subfield>
    <subfield code="t">1</subfield>
    <subfield code="v">1.00</subfield>
    <subfield code="y">LIB</subfield>
  </datafield>
  <datafield tag="952" ind1=" " ind2=" ">
    <subfield code="1">0</subfield>
    <subfield code="2">lcc</subfield>
    <subfield code="4">0</subfield>
    <subfield code="7">0</subfield>
    <subfield code="a">LIC-002</subfield>
    <subfield code="b">LIC-002</subfield>
    <subfield code="c">CONSULTA</subfield>
    <subfield code="d">2019-10-03</subfield>
    <subfield code="e">DON</subfield>
    <subfield code="f">1a ed.</subfield>
    <subfield code="h">V.29</subfield>
    <subfield code="i">D</subfield>
    <subfield code="k">CSA</subfield>
    <subfield code="o">K230 B53 1993</subfield>
    <subfield code="p">BFD000011779</subfield>
    <subfield code="r">2019-10-03 00:00:00</subfield>
    <subfield code="t">1</subfield>
    <subfield code="v">1.00</subfield>
    <subfield code="y">LIB</subfield>
  </datafield>
  <datafield tag="952" ind1=" " ind2=" ">
    <subfield code="1">0</subfield>
    <subfield code="2">lcc</subfield>
    <subfield code="4">0</subfield>
    <subfield code="7">0</subfield>
    <subfield code="a">LIC-002</subfield>
    <subfield code="b">LIC-002</subfield>
    <subfield code="c">CONSULTA</subfield>
    <subfield code="d">2019-10-03</subfield>
    <subfield code="e">DON</subfield>
    <subfield code="f">1a ed.</subfield>
    <subfield code="h">V.31</subfield>
    <subfield code="i">D</subfield>
    <subfield code="k">CSA</subfield>
    <subfield code="o">K230 B53 1993</subfield>
    <subfield code="p">BFD000011780</subfield>
    <subfield code="r">2019-10-03 00:00:00</subfield>
    <subfield code="t">1</subfield>
    <subfield code="v">1.00</subfield>
    <subfield code="y">LIB</subfield>
  </datafield>
  <datafield tag="952" ind1=" " ind2=" ">
    <subfield code="1">0</subfield>
    <subfield code="2">lcc</subfield>
    <subfield code="4">0</subfield>
    <subfield code="7">0</subfield>
    <subfield code="a">LIC-002</subfield>
    <subfield code="b">LIC-002</subfield>
    <subfield code="c">CONSULTA</subfield>
    <subfield code="d">2019-10-03</subfield>
    <subfield code="e">DON</subfield>
    <subfield code="f">1a ed.</subfield>
    <subfield code="h">V.37</subfield>
    <subfield code="i">D</subfield>
    <subfield code="k">CSA</subfield>
    <subfield code="o">K230 B53 1994</subfield>
    <subfield code="p">BFD000011781</subfield>
    <subfield code="r">2019-10-03 00:00:00</subfield>
    <subfield code="t">2</subfield>
    <subfield code="v">1.00</subfield>
    <subfield code="y">LIB</subfield>
  </datafield>
  <datafield tag="952" ind1=" " ind2=" ">
    <subfield code="1">0</subfield>
    <subfield code="2">lcc</subfield>
    <subfield code="4">0</subfield>
    <subfield code="7">0</subfield>
    <subfield code="a">POS-042</subfield>
    <subfield code="b">POS-042</subfield>
    <subfield code="c">CONSULTA</subfield>
    <subfield code="d">2019-12-04</subfield>
    <subfield code="f">1a ed.</subfield>
    <subfield code="h">V.50</subfield>
    <subfield code="i">D</subfield>
    <subfield code="k">CSA</subfield>
    <subfield code="o">K230 B53 1997 </subfield>
    <subfield code="p">BPD000001491</subfield>
    <subfield code="r">2019-12-04 00:00:00</subfield>
    <subfield code="t">1</subfield>
    <subfield code="v">1.00</subfield>
    <subfield code="y">LIB</subfield>
  </datafield>
</record>
